{"text_format":"3","workbook":"xls","n_sheets":6,"sheets":["第五批项目","Sheet2","金山驾校","双达小区","水南农贸市场","滩头新村"],"not_rendered":{"external_links":1,"defined_names":4},"read":"whole","date_system":"1900","formulas":"cached_only"}

{"sheet":"第五批项目","index":0,"n_rows":82,"n_cols":9,"rows_kept":82,"hidden":true,"merged":[[0,0,0,8],[2,0,2,8],[48,0,48,1],[81,0,81,1]],"flags":["formulas_cached_only"]}
["上饶市中心城区排水防涝提升工程（第五批项目）劳务分包工程量清单"]
["细目号","细目名称","单位","暂定工程量","控制单价（元）","控制合价（元）","清单解释","主要工作内容","计量规则"]
["1、总则"]
[1,"安全生产及行车干扰费","月",1,{"v":35439.097200000004,"d":"35439.10"},35439,"土建部分、雨水部分、污水部分、其他部分总价的1%"," 作业人员安全帽、反光衣、人身保险费，施工现场安全围挡、安全标识标牌、安全锥等安全设施设置、维护及转场，洒水降尘，安全锥、限速牌、导向牌、警示牌、爆闪灯按甲方要求购置，施工路段交通指挥、疏导（乙方（乙方每个施工点（每天24小时）必须配备至少2名以上安全员及交通维护员以及一辆安全巡查专用车）等与安全有关的工作内容。","本项是在本劳务分包工程量清单各细目综合单价中已包含安全经费的基础上综合考虑再增设的费用。本细目按计量进度支付，各项安全警示标志、导向牌等安全设施到位满足开工条件后计量支付0.2；其后每次计量支付0.1用于安全设施维修、补缺及安全人员等费用，累计计量支付至0.8，乙方全部完工退场后计量支付至0.9，本项目交工验收后计量至1.0。如乙方不配合，不服从业主、监理或甲方管理人员指挥，甲方将另外组织人员实施，费用甲方直接从乙方的安全生产费中扣除，不足部分则从乙方计量款中扣除。除施工区间公里桩、公告牌、限高架由甲方提供外，其余所有人工、材料、设备（含吊车、挖机、发电机及施工用电设施及甲方提供的安全设施的安装、维修等）等均由乙方提供及实施（围挡随施工点搬迁的费用、施工点导向警示牌、LED灯、爆闪灯、标志标牌、安全锥、基坑围挡、人身保险费、洒水车等），费用已含在综合单价中，不另行计量。施工过程中甲方仅只提供公里桩、公告牌、限高架，乙方应对甲方提供的安全设施进行维护、维修，如损耗过大超过10％，则超过的10％的部份由乙方承担费用，甲方将从乙方的计量款中扣除。"]
[2,"施工环保费","项",1,{"v":34880.7972,"d":"34880.80"},34881,"土建部分、雨水部分、污水部分、其他部分总价的2%","主线、施工便道等本工区范围内的洒水降尘、河道等水系污染的清理、水土保持、各种污染物、噪声、有害气体等的处理等与环境保护、文明施工相关的所有工作内容。","本项是在本劳务分包工程量清单各细目综合单价中已包含施工环保费用的基础上综合考虑再增设的费用。本细目按计量进度支付，每次计量支付0.1，累计计量支付至0.8，乙方全部完工并撤场后计量支付至0.9，本项目交工验收后计量至1.0。乙方必须满足本工区施工作业点、线内施工便道及线外施工便道的洒水降尘，水土保持、各种污染物、噪声、有害气体等的处理，符合国家对环境保护的要求，保障沿线居民的正常生活，满足施工需要。如乙方不配合，不服从业主、监理或甲方管理人员指挥，甲方将另外组织人员实施，费用甲方直接从乙方的施工环保费中扣除，不足部分则从乙方计量款中扣除。"]
["2、土石方工程"]
["3","破除路面","m3",1945.98,28.69,{"v":55830,"d":"55830.00"},"解释：切割（缝深10cm）11.29元/m3+（审后综合单价）破除10.20元/m3+装车2.77元/m3*1.085管理费*1.09税金＝28.69元/m3","    路面机械挖除、清理工作面（含解小至符合填筑要求）；挖、装、场内运输；填料分理、弃土整型、压实；.施工排水处理；路床顶面凿平、顶面凿毛或石渣填平压实、路床清理等所有与破除路面有关的工作内容。","        依据图纸所示，经现场实际验收为准，采用平均断面面积法计算，按照天然密实体积按双方核定的设计（含变更设计）内的数量以立方米为单位计量； 混凝土路面破碎、挖除、台阶开挖等排水等费用已含在综合单价中，不另行计量；安全防护及交通维护措施、安全人员、进出车辆冲洗（含社会车辆）等所需费用已含在综合单价中，不另行计量。\n"]
["4","挖土方\n","m3",14185.68,4.74,{"v":67240,"d":"67240.00"},"解释：依据审后综合单价4.35元/m3 ） *1.09税金＝4.74元/m3","沟槽开挖、新旧路衔接等特殊路基台阶设置；挖、装、二次转运；填料分理、弃土石方整型、压实；.施工排水处理；路床顶面以下挖松深 300mm 再压实、路床清理、交工验收等所有与挖土石方有关的工作内容。","依据图纸所示地面线、路基设计横断面图、图纸所示路基土石比例（实际如有不符，不予调整）并经现场实际验收合格，采用平均断面面积法计算，按照天然密实体积按双方核定的设计（含变更设计）内的数量以立方米为单位计量；沟槽开挖、台阶开挖、路床顶面以下挖松深300mm 再压实、安全防护及交通维护措施费等作为挖土方的附属工作，不另行计量；截水沟等排水等开挖土方费用已含在综合单价中，不另行计量。\n"]
[4,"挖石方\n","m3",1576.18,38.23,{"v":60257,"d":"60257.00"},"解释:依据依据审后综合单价35.07元/m3 ） *1.09税金＝38.23元/m3","石方低填浅挖、沟槽石方开挖、半填半挖、填挖交界、陡坡地段、新旧路衔接等特殊路基台阶设置；挖、装、二次转运；填料分理、弃土石方整型、压实；.施工排水处理；路床清理、交工验收等所有与挖土石方有关的工作内容。","依据图纸所示地面线、路基设计横断面图、图纸所示路基土石比例（实际如有不符，不予调整）并经现场实际验收合格，采用平均断面面积法计算，按照天然密实体积按双方核定的设计（含变更设计）内的数量以立方米为单位计量；破碎石方、挖石方、二次转运石方等作为挖石方的附属工作，不另行计量；截水沟等排水等开挖土方费用已含在综合单价中，不另行计量。\n"]
[5,"土石方运输  （15km包干）","m3",9335.59,27.25,{"v":254395,"d":"254395.00"},"解释：依据审后综合单价25*1.09=27.25元/m3","土方、石方运输至弃土场或用于施工便道便涵填筑及维护、施工便道及本工区社会车辆通行路段及施工点洒水抑尘；施工点运至弃土场沿线道路的清扫、清洗、抑尘；河道等水系污染的清理、水土保持、各种污染物、噪声、有害气体等的处理；弃土场整平及临时排水、弃土场污染处理、弃土整型、压实、进出车辆冲洗（含社会车辆）等所有与之有关的工作内容。","依据图纸所示地面线、路基设计横断面图、图纸所示路基土石比例（实际如有不符，不予调整）并经现场实际验收合格，采用平均断面面积法计算，按照天然密实体积按双方核定的实际发生的数量以立方米为单位计量；便道便涵填筑及维护、施工便道及本工区社会车辆通行路段及施工点洒水抑尘、进出车辆冲洗（含社会车辆）等费用已含在综合单价中，不另行计量；安全防护及交通维护措施、安全人员等所需费用已含在综合单价中，不另行计量；如弃土点需乙方整平，增加1.0元/m3的弃土整平及临时排水、污染处理等费用。本单价为运输1km费用（包含车队管理费、车队运输协调费、利润），运输至弃土点运距15km（包干）。"]
[6,"回填土","m3",6426.27,20.11,{"v":129232,"d":"129232.00"},"解释：（填土整平碾压夯实17元/m3）*管理费及利润1.085*税金1.09＝20.11元/m3。","    基底翻松、压实、挖台阶；.临时排水、 翻晒；机械整平、分层摊铺；洒水、压实（含小型机具夯实）、路基补强；路床整型、路床交验、等所有与回填方有关的工作内容。","    依据图纸所示地面线、路基设计横断面图并经现场实际验收合格，按平均断面面积法计算压实的体积，按双方核定的设计（含变更设计）内的数量以立方米为单位计量；满足施工需要，开挖及回填、预留路基宽度宽填的填方量、及台背回填及地面下沉增加的填方量、路基补强所需费用（含大型冲击锤补强，或者采用强夯机夯实发生的费用）、安全防护及交通维护措施、等作为路基填筑的附属工作，费用已含在综合单价中，不另行计量。特别说明：必须严格按照施工规范施工，确保路基压实度符合要求，当甲方发现填方路基完工后沉降可以随时要求乙方配备大型冲击锤补强，或者采用强夯机夯实，发生的费用由乙方承担。"]
[7,"回填砂","m3",4784.995,14.24,{"v":68138,"d":"68138.00"},"解释：（铺筑夯实12.04元/m3）*管理费及1.085*1.09税金=14.24元/m3","基坑回填山砂，夯实、埋设标桩；清理，弃方处理等所有与本项有关的内容。","本项是在本劳务分包工程量清单各细目综合单价中已包含人工回填夯实的基础上综合考虑再增设的费用。依据图纸所示位置，经现场实际验收合格按双方核定的设计（含变更设计）内的数量以立方米为单位计量；所有人工、材料、机械设备、进出车辆冲洗、安全防护设施、垃圾清运等均由乙方提供及实施，费用已含在综合单价中，不另计量。如乙方实施后造成地面下沉下陷等质量缺陷，所造成的一切经济损失由乙方负责承担。"]
["9","道路基层恢复","m3",2765.73,50.09,{"v":138535,"d":"138535.00"},"清工42.35元/m3*1.085管理费*1.09税金=50.09元/m3","检查和清理下承层、洒水湿润；模板制作、架设、安装、修理、拆除；混凝土浇筑、振捣、真空吸水、抹平、压（刻）纹， 养护；切缝、 灌缝；初期养护等有关的工作内容。","依据图纸所示位置及断面尺寸，并经现场实际验收合格按双方核定的设计（含变更设计）内的数量以立方米为单位计量；除混凝土由甲方提供外，所有人工、设备（含吊车、挖机、天泵、地泵、发电机及施工用电设施、台车等）、安全防护等均由乙方提供及实施，费用已含在综合单价中，不另行计量。"]
["10","恢复AC-13 CSBS改性细粒式沥青混凝土","m3",748.04,{"v":108.1,"d":"108.10"},{"v":80863,"d":"80863.00"},"解释：摊铺碾压养护洒油47元/T   *2.3=108.10元/m3）","检查和清理中面层、洒水湿润；沥青混凝土摊铺、压实， 养护；初期养护等有关的工作内容。","依据图纸所示位置及断面尺寸，并经现场实际验收合格按双方核定的设计（含变更设计）内的数量以立方米为单位计量；所有人工、材料、设备（含吊车、挖机、天泵、地泵、发电机及施工用电设施、台车等）、安全防护等均由乙方提供及实施，除沥青混凝土由甲方提供，费用已含在综合单价中，不另行计量。"]
["11","恢复AC-20C中粒式沥青混凝土","m3",1496.07,{"v":108.1,"d":"108.10"},{"v":161725,"d":"161725.00"},"解释：摊铺碾压养护洒油47元/T   *2.3=108.10元/m3）","检查和清理下承层、洒水湿润；沥青混凝土摊铺、压实， 养护；初期养护等有关的工作内容。","依据图纸所示位置及断面尺寸，并经现场实际验收合格按双方核定的设计（含变更设计）内的数量以立方米为单位计量；所有人工、材料、设备（含吊车、挖机、天泵、地泵、发电机及施工用电设施、台车等）、安全防护等均由乙方提供及实施，除沥青混凝土由甲方提供，费用已含在综合单价中，不另行计量。"]
["12","人行道地砖铺设","m2",{"v":3679,"d":"3679.00"},{"v":35.7,"d":"35.70"},{"v":131340,"d":"131340.00"},"解释：（铺砌火烧板：清工22.14+砂浆0.03*（水泥0.483t/m3*340元/t/1.13+砂1.04m3*122元/m3/1.03）*1.085*1.09＝35.7元/m2","场地平整；台阶整形；素砼浇筑；砂浆制备、铺筑、调平；火烧板搬运、铺贴；场地清理等所有与人行道块料铺设有关的工作内容。"," 依据图纸所示位置及断面尺寸，并经现场实际验收合格按双方核定的设计（含变更设计）内的数量以平方米为单位计量；除火烧板由甲方提供，其余所有材料（含砂浆）、设备、安全防护设施等均由乙方提供及实施，费用已含在综合单价中，不另行计量。"]
["13","绿化恢复（铺设草皮）","m2",{"v":730,"d":"730.00"},14.19,{"v":10359,"d":"10359.00"},"解释：材料费（10草皮*1.09税金*1.085管理费及利润+铺设及养护2*1.09税金*1.085管理费及利润＝14.19元/m","场地清理、回填种植土、整理绿化用地，草皮采购、运输、卸车，草皮铺设；浇水、施肥、除虫、补种、养护；场地清理，废弃物装卸运输等。","依据图纸所示位置及断面尺寸，并经现场实际验收合格按双方核定的设计（含变更设计）内的数量以平方米为单位计量；所有人工、材料、设备、安全防护等均由乙方提供及实施，费用已含在综合单价中，不另行计量。"]
["3、雨水部分"]
[27,"雨水管（HDPE双壁波纹管D200）","m",2357,2.59,{"v":6104.63,"d":"6105"},"解释：安装2.19元/m*1.085*1.09＝2.59元/m","   场地清理；围堰、排水，基坑支护；防水措施;管材卸车、安装、连接等所有与管节安装有关的工作内容。","    依据图纸所示位置及断面尺寸，并经现场实际验收合格按双方核定的设计（含变更设计）内的数量以米为单位计量；除管道材料由甲方采购外，其余所有材料、设备（含吊车、挖机、天泵、地泵、发电机及施工用电设施等）、安全防护等均由乙方提供及实施，费用已含在综合单价中，不另行计量。"]
[28,"雨水管（HDPE双壁波纹管D300）","m",2849,5.18,{"v":14757.82,"d":"14758"},"解释：安装4.38元/m*1.085*1.09＝5.18元/m","   场地清理；围堰、排水，基坑支护；防水措施;管材卸车、安装、连接等所有与管节安装有关的工作内容。","    依据图纸所示位置及断面尺寸，并经现场实际验收合格按双方核定的设计（含变更设计）内的数量以米为单位计量；除管道材料由甲方采购外，其余所有材料、设备（含吊车、挖机、天泵、地泵、发电机及施工用电设施等）、安全防护等均由乙方提供及实施，费用已含在综合单价中，不另行计量。"]
[29,"雨水管（HDPE双壁波纹管D400）","m",561,7.32,{"v":4106.52,"d":"4107"},"解释：安装6.19元/m*1.085*1.09＝7.32元/m","   场地清理；围堰、排水，基坑支护；防水措施;管材卸车、安装、连接等所有与管节安装有关的工作内容。","    依据图纸所示位置及断面尺寸，并经现场实际验收合格按双方核定的设计（含变更设计）内的数量以米为单位计量；除管道材料由甲方采购外，其余所有材料、设备（含吊车、挖机、天泵、地泵、发电机及施工用电设施等）、安全防护等均由乙方提供及实施，费用已含在综合单价中，不另行计量。"]
[30,"雨水管（HDPE双壁波纹管D500）","m",17,9.46,{"v":160.82000000000002,"d":"161"},"解释：安装8元/m*1.085*1.09＝9.46元/m","   场地清理；围堰、排水，基坑支护；防水措施;管材卸车、安装、连接等所有与管节安装有关的工作内容。","    依据图纸所示位置及断面尺寸，并经现场实际验收合格按双方核定的设计（含变更设计）内的数量以米为单位计量；除管道材料由甲方采购外，其余所有材料、设备（含吊车、挖机、天泵、地泵、发电机及施工用电设施等）、安全防护等均由乙方提供及实施，费用已含在综合单价中，不另行计量。"]
[31,"雨水管（HDPE双壁波纹管D600）","m",96,13.01,{"v":1248.96,"d":"1249"},"解释：安装11元/m*1.085*1.09＝13.01元/m","   场地清理；围堰、排水，基坑支护；防水措施;管材卸车、安装、连接等所有与管节安装有关的工作内容。","    依据图纸所示位置及断面尺寸，并经现场实际验收合格按双方核定的设计（含变更设计）内的数量以米为单位计量；除管道材料由甲方采购外，其余所有材料、设备（含吊车、挖机、天泵、地泵、发电机及施工用电设施等）、安全防护等均由乙方提供及实施，费用已含在综合单价中，不另行计量。"]
[32,"雨水管（HDPE双壁波纹管D800）","m",43,17.74,{"v":762.8199999999999,"d":"763"},"解释：安装15元/m*1.085*1.09＝17.74元/m","   场地清理；围堰、排水，基坑支护；防水措施;管材卸车、安装、连接等所有与管节安装有关的工作内容。","    依据图纸所示位置及断面尺寸，并经现场实际验收合格按双方核定的设计（含变更设计）内的数量以米为单位计量；除管道材料由甲方采购外，其余所有材料、设备（含吊车、挖机、天泵、地泵、发电机及施工用电设施等）、安全防护等均由乙方提供及实施，费用已含在综合单价中，不另行计量。"]
[33,"雨水管（II级钢筋混凝土管D300）","m",522,34,17748,"解释：安装28.75元/m*1.085*1.09＝34元/m"]
[34,"雨水检查井（砼预制井φ700）","座",114,404.47,{"v":46109.58,"d":"46110"},"解释：1、砼预制井（直径70cm）398元/座；2、c15混凝土基础(厚10cm）0.13m3/座*（清工86.31元/m3+C15：392元*0.7/m3/1.03）=45.85元/座；3、井盖：299元/座；\n合计：（742.85元/座-398元/座）*1.085*1.09=404.47元/座","基槽开挖；浇筑砼垫层，装卸运输、预埋；井孔口圈和井盖安装；基坑回填土，夯实；清理，弃方处理等所有与本项有关的内容。","依据图纸所示位置和规格、型号，经现场实际验收合格按双方核定的设计（含变更设计）内的数量以座为单位计量；除检查井由甲方采购外，其余所有材料、人工、机械设备、进出车辆冲洗、安全防护设施、井内垃圾清运等均由乙方提供及实施，费用已含在综合单价中，不另计量。"]
[35,"雨水检查井（砼预制井φ800）","座",2,450,900,null,"基槽开挖；浇筑砼垫层，装卸运输、预埋；井孔口圈和井盖安装；基坑回填土，夯实；清理，弃方处理等所有与本项有关的内容。","依据图纸所示位置和规格、型号，经现场实际验收合格按双方核定的设计（含变更设计）内的数量以座为单位计量；除检查井由甲方采购外，其余所有材料、人工、机械设备、进出车辆冲洗、安全防护设施、井内垃圾清运等均由乙方提供及实施，费用已含在综合单价中，不另计量。"]
[36,"雨水检查井（砼预制井φ1000）","座",26,550,14300,null,"基槽开挖；浇筑砼垫层，装卸运输、预埋；井孔口圈和井盖安装；基坑回填土，夯实；清理，弃方处理等所有与本项有关的内容。","依据图纸所示位置和规格、型号，经现场实际验收合格按双方核定的设计（含变更设计）内的数量以座为单位计量；除检查井由甲方采购外，其余所有材料、人工、机械设备、进出车辆冲洗、安全防护设施、井内垃圾清运等均由乙方提供及实施，费用已含在综合单价中，不另计量。"]
[37,"雨水检查井（砼预制井φ1250）","座",2,650,1300,null,"基槽开挖；浇筑砼垫层，装卸运输、预埋；井孔口圈和井盖安装；基坑回填土，夯实；清理，弃方处理等所有与本项有关的内容。","依据图纸所示位置和规格、型号，经现场实际验收合格按双方核定的设计（含变更设计）内的数量以座为单位计量；除检查井由甲方采购外，其余所有材料、人工、机械设备、进出车辆冲洗、安全防护设施、井内垃圾清运等均由乙方提供及实施，费用已含在综合单价中，不另计量。"]
[38,"雨水检查井（砼预制井φ1500）","座",1,750,750,null,"基槽开挖；浇筑砼垫层，装卸运输、预埋；井孔口圈和井盖安装；基坑回填土，夯实；清理，弃方处理等所有与本项有关的内容。","依据图纸所示位置和规格、型号，经现场实际验收合格按双方核定的设计（含变更设计）内的数量以座为单位计量；除检查井由甲方采购外，其余所有材料、人工、机械设备、进出车辆冲洗、安全防护设施、井内垃圾清运等均由乙方提供及实施，费用已含在综合单价中，不另计量。"]
[39,"雨水检查井（砼预制井500×500）","座",24,386.73,{"v":9281.52,"d":"9282"},"解释：1、砼预制井（50cm*50cm）398元/座；2、c15混凝土基础(厚10cm）0.081m3/座*（清工86.31元/m3+C15：392元*0.7/m3/1.03）=28.57元/座；3、井盖：299元/座；\n合计：（725.57元/座-398）*1.085*1.09=386.73元/座","基槽开挖；浇筑砼垫层，装卸运输、预埋；井孔口圈和井盖安装；基坑回填土，夯实；清理，弃方处理等所有与本项有关的内容。","依据图纸所示位置和规格、型号，经现场实际验收合格按双方核定的设计（含变更设计）内的数量以座为单位计量；除检查井由甲方采购外，其余所有材料、人工、机械设备、进出车辆冲洗、安全防护设施、井内垃圾清运等均由乙方提供及实施，费用已含在综合单价中，不另计量。"]
[40,"雨水小方井（砼预制井500×500）","座",16,386.73,{"v":6187.68,"d":"6188"},null,"基槽开挖；浇筑砼垫层，装卸运输、预埋；井孔口圈和井盖安装；基坑回填土，夯实；清理，弃方处理等所有与本项有关的内容。","依据图纸所示位置和规格、型号，经现场实际验收合格按双方核定的设计（含变更设计）内的数量以座为单位计量；除检查井由甲方采购外，其余所有材料、人工、机械设备、进出车辆冲洗、安全防护设施、井内垃圾清运等均由乙方提供及实施，费用已含在综合单价中，不另计量。"]
[41,"新建雨水接户管（pvcu管DE110）","m",907,2.37,{"v":2149.59,"d":"2150"},"解释：安装2元/m*1.085*1.09＝2.37元/m","   场地清理；围堰、排水，基坑支护；防水措施;管材卸车、安装、连接等所有与管节安装有关的工作内容。","    依据图纸所示位置及断面尺寸，并经现场实际验收合格按双方核定的设计（含变更设计）内的数量以米为单位计量；除管道材料由甲方采购外，其余所有材料、设备（含吊车、挖机、天泵、地泵、发电机及施工用电设施等）、安全防护等均由乙方提供及实施，费用已含在综合单价中，不另行计量。"]
["4、污水部分"]
[42,"污水管（HDPE缠绕结构B型管D200）","m",1530,2.59,{"v":3962.7,"d":"3963"},"解释：安装2.19元/m*1.085*1.09＝2.59元/m","   场地清理；围堰、排水，基坑支护；防水措施;管材卸车、安装、连接等所有与管节安装有关的工作内容。","    依据图纸所示位置及断面尺寸，并经现场实际验收合格按双方核定的设计（含变更设计）内的数量以米为单位计量；除管道材料由甲方采购外，其余所有材料、设备（含吊车、挖机、天泵、地泵、发电机及施工用电设施等）、安全防护等均由乙方提供及实施，费用已含在综合单价中，不另行计量。"]
[43,"污水管（HDPE缠绕结构B型管D300）","m",4810,5.18,{"v":24915.8,"d":"24916"},"解释：安装4.38元/m*1.085*1.09＝5.18元/m","   场地清理；围堰、排水，基坑支护；防水措施;管材卸车、安装、连接等所有与管节安装有关的工作内容。","    依据图纸所示位置及断面尺寸，并经现场实际验收合格按双方核定的设计（含变更设计）内的数量以米为单位计量；除管道材料由甲方采购外，其余所有材料、设备（含吊车、挖机、天泵、地泵、发电机及施工用电设施等）、安全防护等均由乙方提供及实施，费用已含在综合单价中，不另行计量。"]
[44,"污水管（HDPE缠绕结构B型管D400）","m",1318,7.32,{"v":9647.76,"d":"9648"},"解释：安装6.19元/m*1.085*1.09＝7.32元/m","   场地清理；围堰、排水，基坑支护；防水措施;管材卸车、安装、连接等所有与管节安装有关的工作内容。","    依据图纸所示位置及断面尺寸，并经现场实际验收合格按双方核定的设计（含变更设计）内的数量以米为单位计量；除管道材料由甲方采购外，其余所有材料、设备（含吊车、挖机、天泵、地泵、发电机及施工用电设施等）、安全防护等均由乙方提供及实施，费用已含在综合单价中，不另行计量。"]
[45,"污水管（HDPE缠绕结构B型管D500）","m",184,9.37,{"v":1724.08,"d":"1724"},"解释：安装8元/m*1.085*1.09＝9.46元/m","   场地清理；围堰、排水，基坑支护；防水措施;管材卸车、安装、连接等所有与管节安装有关的工作内容。","    依据图纸所示位置及断面尺寸，并经现场实际验收合格按双方核定的设计（含变更设计）内的数量以米为单位计量；除管道材料由甲方采购外，其余所有材料、设备（含吊车、挖机、天泵、地泵、发电机及施工用电设施等）、安全防护等均由乙方提供及实施，费用已含在综合单价中，不另行计量。"]
[46,"污水管（HDPE缠绕结构B型管D600）","m",207,13.01,{"v":2693.07,"d":"2693"},"解释：安装11元/m*1.085*1.09＝13.01元/m","   场地清理；围堰、排水，基坑支护；防水措施;管材卸车、安装、连接等所有与管节安装有关的工作内容。","    依据图纸所示位置及断面尺寸，并经现场实际验收合格按双方核定的设计（含变更设计）内的数量以米为单位计量；除管道材料由甲方采购外，其余所有材料、设备（含吊车、挖机、天泵、地泵、发电机及施工用电设施等）、安全防护等均由乙方提供及实施，费用已含在综合单价中，不另行计量。"]
[47,"污水检查井（砼预制井φ700）","座",192,404.47,{"v":77658.24,"d":"77658"},"解释：1、砼预制井（直径70cm）398元/座；2、c15混凝土基础(厚10cm）0.13m3/座*（清工86.31元/m3+C15：392元*0.7/m3/1.03）=45.85元/座；3、井盖：299元/座；\n合计：（742.85元/座-398元/座）*1.085*1.09=404.47元/座","基槽开挖；浇筑砼垫层，装卸运输、预埋；井孔口圈和井盖安装；基坑回填土，夯实；清理，弃方处理等所有与本项有关的内容。","依据图纸所示位置和规格、型号，经现场实际验收合格按双方核定的设计（含变更设计）内的数量以座为单位计量；除检查井由甲方采购外，其余所有材料、人工、机械设备、进出车辆冲洗、安全防护设施、井内垃圾清运等均由乙方提供及实施，费用已含在综合单价中，不另计量。"]
[48,"污水检查井（砼预制井φ800）","座",14,450,6300,null,"基槽开挖；浇筑砼垫层，装卸运输、预埋；井孔口圈和井盖安装；基坑回填土，夯实；清理，弃方处理等所有与本项有关的内容。","依据图纸所示位置和规格、型号，经现场实际验收合格按双方核定的设计（含变更设计）内的数量以座为单位计量；除检查井由甲方采购外，其余所有材料、人工、机械设备、进出车辆冲洗、安全防护设施、井内垃圾清运等均由乙方提供及实施，费用已含在综合单价中，不另计量。"]
[49,"污水检查井（砼预制井φ1000）","座",65,550,35750,null,"基槽开挖；浇筑砼垫层，装卸运输、预埋；井孔口圈和井盖安装；基坑回填土，夯实；清理，弃方处理等所有与本项有关的内容。","依据图纸所示位置和规格、型号，经现场实际验收合格按双方核定的设计（含变更设计）内的数量以座为单位计量；除检查井由甲方采购外，其余所有材料、人工、机械设备、进出车辆冲洗、安全防护设施、井内垃圾清运等均由乙方提供及实施，费用已含在综合单价中，不另计量。"]
[50,"污水检查井（砼预制井φ1500）","座",1,750,750,null,"基槽开挖；浇筑砼垫层，装卸运输、预埋；井孔口圈和井盖安装；基坑回填土，夯实；清理，弃方处理等所有与本项有关的内容。","依据图纸所示位置和规格、型号，经现场实际验收合格按双方核定的设计（含变更设计）内的数量以座为单位计量；除检查井由甲方采购外，其余所有材料、人工、机械设备、进出车辆冲洗、安全防护设施、井内垃圾清运等均由乙方提供及实施，费用已含在综合单价中，不另计量。"]
[51,"污水检查井（砼预制井φ1800）","座",1,850,850,null,"基槽开挖；浇筑砼垫层，装卸运输、预埋；井孔口圈和井盖安装；基坑回填土，夯实；清理，弃方处理等所有与本项有关的内容。","依据图纸所示位置和规格、型号，经现场实际验收合格按双方核定的设计（含变更设计）内的数量以座为单位计量；除检查井由甲方采购外，其余所有材料、人工、机械设备、进出车辆冲洗、安全防护设施、井内垃圾清运等均由乙方提供及实施，费用已含在综合单价中，不另计量。"]
[52,"污水检查井（砼预制井500×500）","座",100,386.73,38673,"解释：1、砼预制井（50cm*50cm）398元/座；2、c15混凝土基础(厚10cm）0.081m3/座*（清工86.31元/m3+C15：392元*0.7/m3/1.03）=28.57元/座；3、井盖：299元/座；\n合计：（725.57元/座-398）*1.085*1.09=386.73元/座","基槽开挖；浇筑砼垫层，装卸运输、预埋；井孔口圈和井盖安装；基坑回填土，夯实；清理，弃方处理等所有与本项有关的内容。","依据图纸所示位置和规格、型号，经现场实际验收合格按双方核定的设计（含变更设计）内的数量以座为单位计量；除检查井由甲方采购外，其余所有材料、人工、机械设备、进出车辆冲洗、安全防护设施、井内垃圾清运等均由乙方提供及实施，费用已含在综合单价中，不另计量。"]
[53,"污水检查井（砼预制井2400×2400）","座",1,3547.95,{"v":3547.95,"d":"3548"},"解释：安装3000元/m*1.085*1.09＝3547.95元/座","基槽开挖；浇筑砼垫层，装卸运输、预埋；井孔口圈和井盖安装；基坑回填土，夯实；清理，弃方处理等所有与本项有关的内容。","依据图纸所示位置和规格、型号，经现场实际验收合格按双方核定的设计（含变更设计）内的数量以座为单位计量；除检查井由甲方采购外，其余所有材料、人工、机械设备、进出车辆冲洗、安全防护设施、井内垃圾清运等均由乙方提供及实施，费用已含在综合单价中，不另计量。"]
[54,"新建污水接户管（UPVC管DE110）","m",1792,2.37,{"v":4247.04,"d":"4247"},"解释：安装2元/m*1.085*1.09＝2.37元/m","基槽开挖；浇筑砼垫层，装卸运输、预埋；井孔口圈和井盖安装；基坑回填土，夯实；清理，弃方处理等所有与本项有关的内容。","    依据图纸所示位置及断面尺寸，并经现场实际验收合格按双方核定的设计（含变更设计）内的数量以米为单位计量；除管道材料由甲方采购外，其余所有材料、设备（含吊车、挖机、天泵、地泵、发电机及施工用电设施等）、安全防护等均由乙方提供及实施，费用已含在综合单价中，不另行计量。"]
[55,"隔油池（1m3）","座",4,750,3000,null,"基槽开挖；浇筑砼垫层，装卸运输、预埋；井孔口圈和井盖安装；基坑回填土，夯实；清理，弃方处理等所有与本项有关的内容。","依据图纸所示位置和规格、型号，经现场实际验收合格按双方核定的设计（含变更设计）内的数量以座为单位计量；除检查井由甲方采购外，其余所有材料、人工、机械设备、进出车辆冲洗、安全防护设施、井内垃圾清运等均由乙方提供及实施，费用已含在综合单价中，不另计量。"]
["5、其他部分"]
[56,"现状管道及检查井清理","项",6,2000,12000,"参照审定综合单价","场地清理；围堰、排水，基坑支护；防水措施; 等所有与其有关的工作内容。","    依据图纸所示位置及断面尺寸，并经现场实际验收合格按双方核定的设计（含变更设计）内的数量作为结算依据；除管道、商品混凝土等主要材料由甲方采购外，其余所有材料、设备（含吊车、挖机、天泵、地泵、发电机及施工用电设施等）、安全防护等均由乙方提供及实施，费用已含在综合单价中，不另行计量。"]
[57,"现状井取洞及修复","座",485,839,406915,"参照审定综合单价","场地清理；围堰、排水，基坑支护；防水措施; 等所有与其有关的工作内容。","    依据图纸所示位置及断面尺寸，并经现场实际验收合格按双方核定的设计（含变更设计）内的数量作为结算依据；除管道、商品混凝土等主要材料由甲方采购外，其余所有材料、设备（含吊车、挖机、天泵、地泵、发电机及施工用电设施等）、安全防护等均由乙方提供及实施，费用已含在综合单价中，不另行计量。"]
[58,"现状管线保护","项",1,100000,100000,"暂定价","现状水、电、气、通信、交通等现状管线加固防护，砼、浇筑、模板、振捣、养护，或其它加固方式所需材料、安装、维护，场地清理等有关的工作内容。","       依据图纸所示位置及断面尺寸，并经现场实际验收合格按双方核定的设计（含变更设计）内的数量作为结算依据；所有材料、设备（含施工用电、发电机、小型机具设备设施等）、安全防护等均由乙方提供及实施，费用已含在综合单价中，不另行计量。"]
[59,"管道封堵","处",122,200,24400,"参照审定综合单价","场地清理；围堰、排水，基坑支护；防水措施;管材卸车、安装、连接等所有与其有关的工作内容。","    依据图纸所示位置及断面尺寸，并经现场实际验收合格按双方核定的设计（含变更设计）内的数量作为结算依据；除管道、商品混凝土等主要材料由甲方采购外，其余所有材料、设备（含吊车、挖机、天泵、地泵、发电机及施工用电设施等）、安全防护等均由乙方提供及实施，费用已含在综合单价中，不另行计量。"]
[60,"井室提升","座",73,512,37376,"参照审定综合单价","井筒加高、环梁 200x300 、MU15水泥实心砖\n M10水泥砂浆砌筑,内外防水砂浆抹面\n 原井筒凿掉100mm,凿毛处理并涂抹界面剂等所有与其有关的工作内容\n ","    依据图纸所示位置及断面尺寸，并经现场实际验收合格按双方核定的设计（含变更设计）内的数量作为结算依据；所有材料、设备（含施工用电、发电机、小型机具设备设施等）、安全防护等均由乙方提供及实施，费用已含在综合单价中，不另行计量。"]
[61,"管道废除（DN75-DN500）","m",2823,3.5,{"v":9880.5,"d":"9881"},"参照审定综合单价","场地清理；围堰、排水，基坑支护；防水措施;管材卸车、安装、连接等所有与其有关的工作内容。","    依据图纸所示位置及断面尺寸，并经现场实际验收合格按双方核定的设计（含变更设计）内的数量作为结算依据；除管道、商品混凝土等主要材料由甲方采购外，其余所有材料、设备（含吊车、挖机、天泵、地泵、发电机及施工用电设施等）、安全防护等均由乙方提供及实施，费用已含在综合单价中，不另行计量。"]
[62,"气囊封堵及拆除","处",584,257.21,{"v":150210.63999999998,"d":"150211"},"参照审定综合单价","气囊封堵及拆除等所有与其有关的工作内容。","依据图纸所示位置及断面尺寸，并经现场实际验收合格按双方核定的设计（含变更设计）内的数量以平方米为单位计量；所有人工、材料、设备、安全防护等均由乙方提供及实施，费用已含在综合单价中，不另行计量。"]
[63,"路灯、电杆加固防护","项",7,2000,14000,"暂定价","现状水、电、气、通信、交通等现状管线加固防护，砼、浇筑、模板、振捣、养护，或其它加固方式所需材料、安装、维护，场地清理等有关的工作内容。","       依据图纸所示位置及断面尺寸，并经现场实际验收合格按双方核定的设计（含变更设计）内的数量作为结算依据；所有材料、设备（含施工用电、发电机、小型机具设备设施等）、安全防护等均由乙方提供及实施，费用已含在综合单价中，不另行计量。"]
[64,"施工降排水","台班",200,250,50000,"参照审定综合单价","场地清理；围堰、排水，基坑支护；防水措施;管材卸车、安装、连接等所有与其有关的工作内容。","    依据图纸所示位置及断面尺寸，并经现场实际验收合格按双方核定的设计（含变更设计）内的数量作为结算依据； 所有材料、设备（含污水泵 200m、挖机、发电机及施工用电设施等）、安全防护等均由乙方提供及实施，费用已含在综合单价中，不另行计量。"]
[65,"热熔标线","m2",200,36,7200,"市场询价含9%税","清扫路面、定位放线、涂料制备、涂敷、漆划、养护等所有与标线有关的工作内容","依据图纸所示位置及断面尺寸，并经现场实际验收合格按双方核定的设计（含变更设计）内的数量以平方米为单位计量；所有人工、材料、设备、安全防护等均由乙方提供及实施，费用已含在综合单价中，不另行计量。"]
[66,"标线（划字、自行车）","个",10,50,500,"市场询价含9%税","清扫路面、定位放线、涂料制备、涂敷、漆划、养护等所有与标线有关的工作内容","依据图纸所示位置及断面尺寸，并经现场实际验收合格按双方核定的设计（含变更设计）内的数量以平方米为单位计量；所有人工、材料、设备、安全防护等均由乙方提供及实施，费用已含在综合单价中，不另行计量。"]
[67,"标线（3M箭头）","个",10,150,1500,"市场询价含9%税","清扫路面、定位放线、涂料制备、涂敷、漆划、养护等所有与标线有关的工作内容","依据图纸所示位置及断面尺寸，并经现场实际验收合格按双方核定的设计（含变更设计）内的数量以平方米为单位计量；所有人工、材料、设备、安全防护等均由乙方提供及实施，费用已含在综合单价中，不另行计量。"]
[68,"局部内衬修复（DN300）","处",7,1700,11900,"市场询价含9%税","局部内衬修复等所有与修复有关的工作内容","    依据图纸所示位置及断面尺寸，并经现场实际验收合格按双方核定的设计（含变更设计）内的数量作为结算依据；  所有材料、设备（含修复设备、材料、辅材、配件、发电机及施工用电设施、气体检测、通风等）、安全防护等均由乙方提供及实施，费用已含在综合单价中，不另行计量。"]
[69,"局部内衬修复（DN400）","处",48,2000,96000,"市场询价含9%税","局部内衬修复等所有与修复有关的工作内容","    依据图纸所示位置及断面尺寸，并经现场实际验收合格按双方核定的设计（含变更设计）内的数量作为结算依据；  所有材料、设备（含修复设备、材料、辅材、配件、发电机及施工用电设施、气体检测、通风等）、安全防护等均由乙方提供及实施，费用已含在综合单价中，不另行计量。"]
[70,"局部内衬修复（DN500）","处",9,2300,20700,"市场询价含9%税","局部内衬修复等所有与修复有关的工作内容","    依据图纸所示位置及断面尺寸，并经现场实际验收合格按双方核定的设计（含变更设计）内的数量作为结算依据；  所有材料、设备（含修复设备、材料、辅材、配件、发电机及施工用电设施、气体检测、通风等）、安全防护等均由乙方提供及实施，费用已含在综合单价中，不另行计量。"]
[71,"局部内衬修复（DN600）","处",21,2800,58800,"市场询价含9%税","局部内衬修复等所有与修复有关的工作内容","    依据图纸所示位置及断面尺寸，并经现场实际验收合格按双方核定的设计（含变更设计）内的数量作为结算依据；  所有材料、设备（含修复设备、材料、辅材、配件、发电机及施工用电设施、气体检测、通风等）、安全防护等均由乙方提供及实施，费用已含在综合单价中，不另行计量。"]
[72,"局部内衬修复（DN700）","处",2,3100,6200,"市场询价含9%税","局部内衬修复等所有与修复有关的工作内容","    依据图纸所示位置及断面尺寸，并经现场实际验收合格按双方核定的设计（含变更设计）内的数量作为结算依据；  所有材料、设备（含修复设备、材料、辅材、配件、发电机及施工用电设施、气体检测、通风等）、安全防护等均由乙方提供及实施，费用已含在综合单价中，不另行计量。"]
[73,"局部内衬修复（DN800）","处",17,3500,59500,"市场询价含9%税","局部内衬修复等所有与修复有关的工作内容","    依据图纸所示位置及断面尺寸，并经现场实际验收合格按双方核定的设计（含变更设计）内的数量作为结算依据；  所有材料、设备（含修复设备、材料、辅材、配件、发电机及施工用电设施、气体检测、通风等）、安全防护等均由乙方提供及实施，费用已含在综合单价中，不另行计量。"]
[74,"局部内衬修复（DN1000）","处",10,4000,40000,"市场询价含9%税","局部内衬修复等所有与修复有关的工作内容","    依据图纸所示位置及断面尺寸，并经现场实际验收合格按双方核定的设计（含变更设计）内的数量作为结算依据；  所有材料、设备（含修复设备、材料、辅材、配件、发电机及施工用电设施、气体检测、通风等）、安全防护等均由乙方提供及实施，费用已含在综合单价中，不另行计量。"]
[75,"局部内衬修复（DN1200）","处",2,4500,9000,"市场询价含9%税","局部内衬修复等所有与修复有关的工作内容","    依据图纸所示位置及断面尺寸，并经现场实际验收合格按双方核定的设计（含变更设计）内的数量作为结算依据；  所有材料、设备（含修复设备、材料、辅材、配件、发电机及施工用电设施、气体检测、通风等）、安全防护等均由乙方提供及实施，费用已含在综合单价中，不另行计量。"]
[76,"整体紫外光内衬修复（DN300）","米",119,1000,119000,"市场询价含9%税","整体紫外光内衬修复等所有与紫外光修复有关的工作内容","    依据图纸所示位置及断面尺寸，并经现场实际验收合格按双方核定的设计（含变更设计）内的数量作为结算依据；  所有材料、设备（含修复设备、材料、辅材、配件、发电机及施工用电设施、气体检测、通风等）、安全防护等均由乙方提供及实施，费用已含在综合单价中，不另行计量。"]
[77,"整体紫外光内衬修复（DN400）","米",383,1150,440450,"市场询价含9%税","整体紫外光内衬修复等所有与紫外光修复有关的工作内容","    依据图纸所示位置及断面尺寸，并经现场实际验收合格按双方核定的设计（含变更设计）内的数量作为结算依据；  所有材料、设备（含修复设备、材料、辅材、配件、发电机及施工用电设施、气体检测、通风等）、安全防护等均由乙方提供及实施，费用已含在综合单价中，不另行计量。"]
[78,"整体紫外光内衬修复（DN500）","米",90,1300,117000,"市场询价含9%税","整体紫外光内衬修复等所有与紫外光修复有关的工作内容","    依据图纸所示位置及断面尺寸，并经现场实际验收合格按双方核定的设计（含变更设计）内的数量作为结算依据；  所有材料、设备（含修复设备、材料、辅材、配件、发电机及施工用电设施、气体检测、通风等）、安全防护等均由乙方提供及实施，费用已含在综合单价中，不另行计量。"]
[79,"整体紫外光内衬修复（DN600）","米",58,1500,87000,"市场询价含9%税","整体紫外光内衬修复等所有与紫外光修复有关的工作内容","    依据图纸所示位置及断面尺寸，并经现场实际验收合格按双方核定的设计（含变更设计）内的数量作为结算依据；  所有材料、设备（含修复设备、材料、辅材、配件、发电机及施工用电设施、气体检测、通风等）、安全防护等均由乙方提供及实施，费用已含在综合单价中，不另行计量。"]
[80,"树根清理、障碍物清理","处",223,440,98120,"参照审定综合单价","树根清理、障碍物清理等所有与其有关的工作内容","   依据图纸所示位置及断面尺寸，并经现场实际验收合格按双方核定的设计（含变更设计）内的数量作为结算依据；所有材料、设备（含施工用电、发电机、小型机具设备设施等）、安全防护等均由乙方提供及实施，费用已含在综合单价中，不另行计量。"]
[81,"管道接驳","处",103,500,51500,"参照审定综合单价","现状管道接驳等所有与其有关的工作内容","   依据图纸所示位置及断面尺寸，并经现场实际验收合格按双方核定的设计（含变更设计）内的数量作为结算依据；所有材料、设备（含施工用电、发电机、小型机具设备设施等）、安全防护等均由乙方提供及实施，费用已含在综合单价中，不另行计量。"]
[82,"路缘石拆除及恢复（新建）","米",200,72.7,14540,"参照审定综合单价","安砌侧(平、缘）石（新建）等所有与其有关的工作内容","   依据图纸所示位置及断面尺寸，并经现场实际验收合格按双方核定的设计（含变更设计）内的数量作为结算依据；所有材料、设备（含施工用电、发电机、小型机具设备设施等）、安全防护等均由乙方提供及实施，费用已含在综合单价中，不另行计量。"]
[83,"路缘石拆除及恢复（利用原材料）","米",200,13.58,2716,"参照审定综合单价","安砌侧(平、缘）石（利用原材料）等所有与其有关的工作内容","   依据图纸所示位置及断面尺寸，并经现场实际验收合格按双方核定的设计（含变更设计）内的数量作为结算依据；所有材料、设备（含施工用电、发电机、小型机具设备设施等）、安全防护等均由乙方提供及实施，费用已含在综合单价中，不另行计量。"]
[]
[]
[]
[]
["合计",{"$nulls":4},{"v":3611513.72,"d":"3611514"}]

{"sheet":"Sheet2","index":1,"n_rows":18,"n_cols":13,"rows_kept":18,"hidden":true,"merged":[[2,12,17,12]],"flags":["formulas_cached_only"]}
[]
["序号","管径（m）","管道面积（m2）","开挖土方面积（m2）","破碎路面面积（m2）","回填砂面积（m2）","回填土面积（m2）","长度（m）","开挖土方（m3）","破碎路面（m3）","回填砂（m3）","回填土（m3）","备注"]
[null,0.225,{"v":0.039740625,"d":"0.040"},{"v":0.84375,"d":"0.844"},{"v":0.09375,"d":"0.094"},{"v":0.569634375,"d":"0.570"},{"v":0.328125,"d":"0.328"},null,{"v":0,"d":"0.00"},{"v":0,"d":"0.00"},{"v":0,"d":"0.00"},{"v":0,"d":"0.00"},"开挖高度暂按1.5m计算，破碎路面按15cm厚计算，管道开挖宽度按单边20cm计算。"]
[null,0.3,{"v":0.07064999999999999,"d":"0.071"},0.945,0.105,{"v":0.66435,"d":"0.664"},0.315,135,{"v":127.57499999999999,"d":"127.58"},{"v":14.174999999999999,"d":"14.18"},{"v":89.68725,"d":"89.69"},{"v":42.525,"d":"42.53"}]
[null,0.315,{"v":0.077891625,"d":"0.078"},{"v":0.9652500000000002,"d":"0.965"},{"v":0.10725000000000001,"d":"0.107"},{"v":0.6835833750000002,"d":"0.684"},{"v":0.31102500000000005,"d":"0.311"},null,{"v":0,"d":"0.00"},{"v":0,"d":"0.00"},{"v":0,"d":"0.00"},{"v":0,"d":"0.00"}]
[null,0.5,{"v":0.19625,"d":"0.196"},1.215,0.135,{"v":0.9287500000000001,"d":"0.929"},0.225,12,{"v":14.580000000000002,"d":"14.58"},1.62,{"v":11.145000000000001,"d":"11.15"},{"v":2.7,"d":"2.70"}]
[null,0.11,{"v":0.009498500000000002,"d":"0.009"},{"v":0.6885000000000001,"d":"0.689"},{"v":0.0765,"d":"0.077"},{"v":0.42910150000000014,"d":"0.429"},{"v":0.3264,"d":"0.326"},null,{"v":0,"d":"0.00"},{"v":0,"d":"0.00"},{"v":0,"d":"0.00"},{"v":0,"d":"0.00"}]
[null,0.16,{"v":0.020096000000000003,"d":"0.020"},{"v":0.7560000000000001,"d":"0.756"},0.084,{"v":0.48950400000000005,"d":"0.490"},{"v":0.3304,"d":"0.330"},null,{"v":0,"d":"0.00"},{"v":0,"d":"0.00"},{"v":0,"d":"0.00"},{"v":0,"d":"0.00"}]
[null,0.6,{"v":0.28259999999999996,"d":"0.283"},{"v":1.35,"d":"1.350"},{"v":0.15,"d":"0.150"},{"v":1.0674000000000001,"d":"1.067"},{"v":0.15000000000000002,"d":"0.150"},59,79.65,8.85,{"v":62.976600000000005,"d":"62.98"},{"v":8.850000000000001,"d":"8.85"}]
[null,0.225,{"v":0.039740625,"d":"0.040"},{"v":0.84375,"d":"0.844"},{"v":0.09375,"d":"0.094"},{"v":0.569634375,"d":"0.570"},{"v":0.328125,"d":"0.328"},null,{"v":0,"d":"0.00"},{"v":0,"d":"0.00"},{"v":0,"d":"0.00"},{"v":0,"d":"0.00"}]
[null,0.3,{"v":0.07064999999999999,"d":"0.071"},0.945,0.105,{"v":0.66435,"d":"0.664"},0.315,null,{"v":0,"d":"0.00"},{"v":0,"d":"0.00"},{"v":0,"d":"0.00"},{"v":0,"d":"0.00"}]
[null,0.315,{"v":0.077891625,"d":"0.078"},{"v":0.9652500000000002,"d":"0.965"},{"v":0.10725000000000001,"d":"0.107"},{"v":0.6835833750000002,"d":"0.684"},{"v":0.31102500000000005,"d":"0.311"},null,{"v":0,"d":"0.00"},{"v":0,"d":"0.00"},{"v":0,"d":"0.00"},{"v":0,"d":"0.00"}]
[null,0.4,{"v":0.12560000000000002,"d":"0.126"},{"v":1.08,"d":"1.080"},{"v":0.12,"d":"0.120"},{"v":0.7944000000000002,"d":"0.794"},{"v":0.27999999999999997,"d":"0.280"},164,177.12,19.68,{"v":130.28160000000003,"d":"130.28"},{"v":45.919999999999995,"d":"45.92"}]
[null,0.11,{"v":0.009498500000000002,"d":"0.009"},{"v":0.6885000000000001,"d":"0.689"},{"v":0.0765,"d":"0.077"},{"v":0.42910150000000014,"d":"0.429"},{"v":0.3264,"d":"0.326"},null,{"v":0,"d":"0.00"},{"v":0,"d":"0.00"},{"v":0,"d":"0.00"},{"v":0,"d":"0.00"}]
[null,0.8,{"v":0.5024000000000001,"d":"0.502"},{"v":2.2200000000000006,"d":"2.220"},{"v":0.18000000000000002,"d":"0.180"},{"v":1.1776000000000004,"d":"1.178"},{"v":0.7200000000000002,"d":"0.720"},19,{"v":42.180000000000014,"d":"42.18"},{"v":3.4200000000000004,"d":"3.42"},{"v":22.37440000000001,"d":"22.37"},{"v":13.680000000000003,"d":"13.68"}]
[null,0.075,{"v":0.004415624999999999,"d":"0.004"},{"v":0.6412500000000001,"d":"0.641"},{"v":0.07125000000000001,"d":"0.071"},{"v":0.38745937500000005,"d":"0.387"},{"v":0.32062500000000005,"d":"0.321"},null,{"v":0,"d":"0.00"},{"v":0,"d":"0.00"},{"v":0,"d":"0.00"},{"v":0,"d":"0.00"}]
[null,0.2,{"v":0.031400000000000004,"d":"0.031"},{"v":0.8100000000000002,"d":"0.810"},{"v":0.09000000000000001,"d":"0.090"},{"v":0.5386000000000001,"d":"0.539"},{"v":0.33000000000000007,"d":"0.330"},111,{"v":89.91000000000003,"d":"89.91"},{"v":9.990000000000002,"d":"9.99"},{"v":59.78460000000001,"d":"59.78"},{"v":36.63000000000001,"d":"36.63"}]
[null,"总计：",{"$nulls":6},{"v":531.0150000000001,"d":"531.02"},{"v":57.735,"d":"57.74"},{"v":376.2494500000001,"d":"376.25"},{"v":150.305,"d":"150.31"}]

{"sheet":"金山驾校","index":2,"n_rows":52,"n_cols":8,"rows_kept":52,"merged":[[0,0,0,7],[2,0,2,7],[7,0,7,4],[8,0,8,7],[10,0,10,7],[11,6,14,6],[11,7,14,7],[17,0,17,4],[18,0,18,7],[20,0,20,7],[21,6,23,6],[21,7,23,7],[24,6,25,6],[24,7,25,7],[26,0,26,4],[27,0,27,7],[29,0,29,7],[39,0,39,4],[40,0,40,7],[50,0,50,4],[51,0,51,4]],"flags":["formulas_cached_only"]}
["上饶市中心城区排水防涝提升工程设计采购施工总承包(EPC）水南片区金山驾校雨污分流改造工程"]
["细目号","细目名称","单位","暂定工程量","控制单价（元）","控制合价（元）","主要工作内容","计量规则"]
["1、总则"]
[1,"安全生产及行车干扰费","月",1,{"v":5431.8766285125,"d":"5431.88"},5432," 采购现场作业人员的井上、井下个人防护设施、通信设施、安全锥、维护甲方提供安全设备设施、施工路段交通指挥、铺设甲方提供的钢板、疏导（乙方（乙方每个施工点（每天24小时）必须配备至少2名以上安全员及交通维护员以及一辆安全巡查专用车）等与安全有关的工作内容。包文明施工费、利润、管理费、风险费等所有与完成此工程有关的工作内容。","本项是在本劳务分包工程量清单各细目综合单价中已包含安全经费的基础上综合考虑再增设的费用。本细目按计量进度支付，各项安全警示标志、导向牌等安全设施到位满足开工条件后计量支付0.2；其后每次计量支付0.1用于安全设施维修、补缺及安全人员等费用，累计计量支付至0.8，乙方全部完工退场后计量至1.0。如乙方不配合，不服从业主、监理或甲方管理人员指挥，甲方将另外组织人员实施，费用甲方直接从乙方的安全生产费中扣除，不足部分则从乙方计量款中扣除。除施工区间公里桩、围挡、公告牌、限高架，施工点导向警示牌、LED灯、爆闪灯、标志标牌、水马由甲方提供外，其余所有人工、材料、设备、作业人员防护设施、安全锥及维护甲方提供的安全设备设施等均由乙方提供及实施，费用已含在综合单价中，不另行计量。乙方应对甲方提供的安全设施进行维护、维修、摆放，如损耗过大超过10％，则超过的10％的部份由乙方承担费用，甲方将从乙方的计量款中扣除。"]
[2,"施工环保费","项",1,{"v":10863.753257025,"d":"10863.75"},10864,"主线、施工便道等本工区范围内的洒水降尘、每日工后清扫、人工探沟、因施工导致河道等水系污染的清理、水土保持、各种污染物、噪声、管道通风、气体检测、有害气体等的处理等与环境保护、文明施工相关的所有工作内容。包文明施工费、利润、管理费、风险费等所有与完成此工程有关的工作内容。","本项是在本劳务分包工程量清单各细目综合单价中已包含施工环保费用的基础上综合考虑再增设的费用。本细目按计量进度支付，每次计量支付0.1，累计计量支付至0.8，乙方全部完工并撤场后计量支付至1.0。乙方必须满足本工区施工作业点、线内施工便道及线外施工便道的洒水降尘，每日工后清扫、水土保持、管道通风，气体检测、各种污染物、噪声、有害气体等的处理，符合国家对环境保护的要求，保障沿线居民的正常生活，满足施工需要。如乙方不配合，不服从业主、监理或甲方管理人员指挥，甲方将另外组织人员实施，费用甲方直接从乙方的施工环保费中扣除，不足部分则从乙方计量款中扣除。"]
[3,"喷淋系统","m",300,14.55,4365,"围挡上安装喷淋系统，包括喷头、水管、水箱、发电机、柴油、维护、拆装、电费等所有与喷淋系统相关工作。包文明施工费、利润、管理费、风险费等所有与完成此工程有关的工作内容。","以实际发生工程量按米计取。费用已含在综合单价中,不另行计量。"]
[4,"暂列金","项",1,20000,20000,"主要实施现场挡墙修复、路灯电杆加固、现有管道加固、检查井开洞及修复、现浇混凝土井、部分绿化修复、现状管道及检查井清理、树木移植等临时增加的项目，以现场变更计工单计取，小工200大工300。包文明施工费、利润、管理费、风险费等所有与完成此工程有关的工作内容。","以现场实际变更工程量折算人工费、材料费、设备费计取或安照现场管理人员签批的点工单经审核后计取。"]
["分页小计：",{"$nulls":4},40661]
["上饶市中心城区排水防涝提升工程设计采购施工总承包(EPC）水南片区金山驾校雨污分流改造工程"]
["细目号","细目名称","单位","暂定工程量","控制单价（元）","控制合价（元）","主要工作内容","计量规则"]
["2、雨水部分"]
[1,"雨水管（HDPE双壁波纹管DN225）","m",30,5.18,{"v":155.39999999999998,"d":"155"},"   包括但不限于场地清理、临时排水（含人工和水泵）、管沟开挖后人工扒平、垫层浇筑、雨污水波纹管搬运及安装、管道砂砾回填人工扒平、放线、配合管道检测等所需人工费,与该项作业有关的所有辅材费，与该项作业有关的所有机具、机械、小五金、设备费；材料卸车费、二次搬运费、作业点间二次转运费；成品保护费；交竣工验收前非乙方原因造成的管道损坏需更换的，按照更换的数量及清包工单价计价，反之由于乙方原因导致管道闭水试验不合格、验收不合格、乙方原因造成的管道损坏需整改的，乙方无条件整改，所产生的人工费、材料费、机械费均由乙方承担；闭水试验；交竣工验收前必须保证管道通畅，如有杂土、淤泥、杂物、堵塞等必须无条件清理保证通畅；作业人安全施工技术交底；作业过程必须做好临电及机具使用防护措施；进度、质量、安全、工艺严格按照图纸及甲方项目部要求执行；包文明施工费、利润、管理费、风险费等所有与完成此工程有关的工作内容。","依据图纸所示位置及断面尺寸,并经现场实际验收合格按双方核定的设计(含设计变更)内的数量以米为单位计量:除管材、混凝土、回填材料（砂、石）由甲方提供外,其余与该项作业有关的所有辅材,与该项作业有关的所有人工、机具、机械、设备等均由乙方提供及实施,费用含在综合单价中,不另行计量。"]
[2,"雨水管（HDPE双壁波纹管DN315）","m",97,5.18,{"v":502.46,"d":"502"}]
[3,"雨水管（HDPE双壁波纹管D400）","m",91,7.32,{"v":666.12,"d":"666"}]
[4,"雨水管（HDPE双壁波纹管D600）","m",85,13.01,{"v":1105.85,"d":"1106"}]
[5,"雨水检查井（砼预制井φ700）","座",17,425.75,{"v":7237.75,"d":"7238"},"包括但不限于场地清理、临时排水（含人工和水泵）、井坑开挖后人工扒平、成品井保护、混凝土预制井及混凝土井盖机械吊装及人工安装、管道与井连接安装（含连接处接头砂浆封堵）、圆形上部收口井筒安装、防坠网安装、铸铁井座井盖安装、交竣工验收前涉及井的二次清掏、路面施工过程涉及的多次升井与井盖拆除与安装等所需人工费，材料费（除预制井、混凝土井盖、调节井筒、铸铁井盖由甲方提供外，其他所有辅材（如砂、水泥）均由乙方提供），提供所有与完成该项作业有关的机具、设备、机械；交竣工验收前如有井损坏的及时修复；材料卸车费、二次搬运费、作业点间二次转运费；成品保护；作业人员安全施工技术交底；特殊工种持证上岗；作业全过程做好临电及机具使用防护措施；进度、质量、安全、工艺严格按照图纸及甲方项目部要求执行。；包文明施工费、利润、管理费、风险费等所有与完成此工程有关的工作内容。","依据图纸所示位置及断面尺寸,并经现场实际验收合格按双方核定的设计(含变更设计)内的数量以座为单位计量，材料费（除预制井、混凝土井盖、调节井筒、铸铁井盖由甲方提供外，其他所有辅材（如砂、水泥）均由乙方提供），所有与完成该项作业有关的人工、机具、设备、机械等均由乙方提供及实施,费用已含在综合单价中,不另行计量。"]
[6,"单算平篦式雨水口（680*380砖砌）","座",17,472.04,{"v":8024.68,"d":"8025"},"含场地清理；临时排水；提供标准砖块、M7.5砂浆（河砂、水泥P·042.5）；按照设计图纸及规范要求砌筑及粉刷井；安装雨箅；养护、成品保护；安全防护措施；利润、管理费、风险费等所有与雨水进水井砖砌和粉刷有关的工作内容。","依据图纸所示位置及断面尺寸，并经现场实际验收合格按双方核定的设计（含变更设计）内的数量以座为单位计量；除雨箅由甲方提供外，所有材料（含标准砖块、M7.5砂浆）、设备（含砂浆搅拌机、灰桶、小五金等）、安全防护措施等均由乙方提供及实施，费用已含在综合单价中，不另行计量。"]
["分页小计：",{"$nulls":4},{"v":17692.260000000002,"d":"17692"}]
["上饶市中心城区排水防涝提升工程设计采购施工总承包(EPC）水南片区金山驾校雨污分流改造工程"]
["细目号","细目名称","单位","暂定工程量","控制单价（元）","控制合价（元）","主要工作内容","计量规则"]
["3、污水部分"]
[1,"污水管（HDPE双壁波纹管D200）","m",278,2.59,{"v":720.02,"d":"720"}," 包括但不限于场地清理、临时排水（含人工和水泵）、管沟开挖后人工扒平、垫层浇筑、雨污水波纹管搬运及安装、管道砂砾回填人工扒平、放线、配合管道检测等所需人工费,与该项作业有关的所有辅材费，与该项作业有关的所有机具、机械、小五金、设备费；材料卸车费、二次搬运费、作业点间二次转运费；成品保护费；交竣工验收前非乙方原因造成的管道损坏需更换的，按照更换的数量及清包工单价计价，反之由于乙方原因导致管道闭水试验不合格、验收不合格、乙方原因造成的管道损坏需整改的，乙方无条件整改，所产生的人工费、材料费、机械费均由乙方承担；闭水试验；交竣工验收前必须保证管道通畅，如有杂土、淤泥、杂物、堵塞等必须无条件清理保证通畅；作业人安全施工技术交底；作业过程必须做好临电及机具使用防护措施；进度、质量、安全、工艺严格按照图纸及甲方项目部要求执行；包文明施工费、利润、管理费、风险费等所有与完成此工程有关的工作内容。","依据图纸所示位置及断面尺寸,并经现场实际验收合格按双方核定的设计(含设计变更)内的数量以米为单位计量:除管材、混凝土、回填材料（砂、石）由甲方提供外,其余与该项作业有关的所有辅材,与该项作业有关的所有人工、机具、机械、设备等均由乙方提供及实施,费用含在综合单价中,不另行计量。"]
[2,"污水管（HDPE缠绕结构B型管D300）","m",83,5.18,{"v":429.94,"d":"430"}]
[3,"新建污水接户管（UPVC管DE110）","m",20,2.37,{"v":47.400000000000006,"d":"47"}]
[4,"污水检查井（砼预制井φ700）","座",6,404.47,{"v":2426.82,"d":"2427"},"包括但不限于场地清理、临时排水（含人工和水泵）、井坑开挖后人工扒平、成品井保护、混凝土预制井及混凝土井盖机械吊装及人工安装、管道与井连接安装（含连接处接头砂浆封堵）、圆形上部收口井筒安装、防坠网安装、铸铁井座井盖安装、交竣工验收前涉及井的二次清掏、路面施工过程涉及的多次升井与井盖拆除与安装等所需人工费，材料费（除预制井、混凝土井盖、调节井筒、铸铁井盖由甲方提供外，其他所有辅材（如砂、水泥）均由乙方提供），提供所有与完成该项作业有关的机具、设备、机械；交竣工验收前如有井损坏的及时修复；材料卸车费、二次搬运费、作业点间二次转运费；成品保护；作业人员安全施工技术交底；特殊工种持证上岗；作业全过程做好临电及机具使用防护措施；进度、质量、安全、工艺严格按照图纸及甲方项目部要求执行。；包文明施工费、利润、管理费、风险费等所有与完成此工程有关的工作内容。","依据图纸所示位置及断面尺寸,并经现场实际验收合格按双方核定的设计(含变更设计)内的数量以座为单位计量，材料费（除预制井、混凝土井盖、调节井筒、铸铁井盖由甲方提供外，其他所有辅材（如砂、水泥）均由乙方提供），所有与完成该项作业有关的人工、机具、设备、机械等均由乙方提供及实施,费用已含在综合单价中,不另行计量。"]
[5,"污水检查井（砼预制井500×500）","座",24,386.73,{"v":9281.52,"d":"9282"}]
["分页小计：",{"$nulls":4},{"v":12905.7,"d":"12906"}]
["上饶市中心城区排水防涝提升工程设计采购施工总承包(EPC）水南片区金山驾校雨污分流改造工程"]
["细目号","细目名称","单位","暂定工程量","控制单价（元）","控制合价（元）","主要工作内容","计量规则"]
["4、其他工程量"]
[1,"管道接驳","处",2,500,1000,"现状管道接驳等所有与其有关的工作内容，包文明施工费、利润、管理费、风险费等所有与完成此工程有关的工作内容。","   依据图纸所示位置及断面尺寸，并经现场实际验收合格按双方核定的设计（含变更设计）内的数量作为结算依据；所有人工、材料、设备（含施工用电、发电机、小型机具设备设施等）、安全防护等均由乙方提供及实施，费用已含在综合单价中，不另行计量。"]
[2,"管道封堵","处",4,200,800,"场地清理；围堰、排水，基坑支护；防水措施等所有与其有关的工作内容，包文明施工费、利润、管理费、风险费等所有与完成此工程有关的工作内容。","    依据图纸所示位置及断面尺寸，并经现场实际验收合格按双方核定的设计（含变更设计）内的数量作为结算依据；除管道、商品混凝土等主要材料由甲方采购外，其余所有人工、材料、设备（含吊车、挖机、发电机及施工用电设施等）、安全防护等均由乙方提供及实施，费用已含在综合单价中，不另行计量。"]
[3,"绿化恢复（铺设草皮）","m2",100,16.56,{"v":1655.9999999999998,"d":"1656"},"场地清理、回填种植土、整理绿化用地，草皮采购、运输、卸车，草皮铺设；浇水、施肥、除虫、补种、养护；场地清理，废弃物装卸运输等。","依据图纸所示位置及断面尺寸，并经现场实际验收合格按双方核定的设计（含变更设计）内的数量以平方米为单位计量；所有人工、材料、设备、安全防护等均由乙方提供及实施，费用已含在综合单价中，不另行计量。"]
[4,"路缘石拆除及恢复（新建）","米",100,72.7,7270,"安砌侧(平、缘）石（新建）等所有与其有关的工作内容","   依据图纸所示位置及断面尺寸，并经现场实际验收合格按双方核定的设计（含变更设计）内的数量作为结算依据；所有材料、设备（含施工用电、发电机、小型机具设备设施等）、安全防护等均由乙方提供及实施，费用已含在综合单价中，不另行计量。"]
[5,"路缘石拆除及恢复（利用原材料）","米",100,13.58,1358,"安砌侧(平、缘）石（利用原材料）等所有与其有关的工作内容","   依据图纸所示位置及断面尺寸，并经现场实际验收合格按双方核定的设计（含变更设计）内的数量作为结算依据；所有材料、设备（含施工用电、发电机、小型机具设备设施等）、安全防护等均由乙方提供及实施，费用已含在综合单价中，不另行计量。"]
[6,"气囊封堵及拆除","处",7,257.21,{"v":1800.4699999999998,"d":"1800"},"气囊封堵及拆除等所有与其有关的工作内容，包文明施工费、利润、管理费、风险费等所有与完成此工程有关的工作内容。","   依据图纸所示位置及断面尺寸，并经现场实际验收合格按双方核定的设计（含变更设计）内的数量作为结算依据；所有人工、材料、设备（含施工用电、发电机、小型机具设备设施等）、安全防护等均由乙方提供及实施，费用已含在综合单价中，不另行计量。"]
[7,"破除路面（沥青混凝土面层、混凝土面层）","m3",137.35,38.54,{"v":5293.469,"d":"5293"},"    路面机械挖除、清理工作面（含解小、沥青水稳垫层至符合填筑要求）；挖、装、场内运输；填料分理、弃土整型、压实；.施工排水处理；路床顶面凿平、顶面凿毛或石渣填平压实、路床清理等所有与破除路面有关的工作内容，包文明施工费、利润、管理费、风险费等所有与完成此工程有关的工作内容。","        依据图纸所示，经现场实际验收为准，采用平均断面面积法计算，按照天然密实体积按双方核定的设计（含变更设计）内的数量以立方米为单位计量； 路面破碎、挖除、台阶开挖、排水、路面清洗等相关的人工、材料、设备等费用已含在综合单价中，不另行计量；本工程挖除路面涵盖水稳层、沥青路面层、碎石垫层\n"]
[8,"机械挖土方\n","m3",{"v":276.9017999999999,"d":"276.90"},4.74,{"v":1312.5145319999997,"d":"1313"},"沟槽开挖、新旧路衔接等特殊路基台阶设置；挖、装、二次转运、路面清洗；填料分理、弃土石方整型、压实；.施工排水处理；路床清理、交工验收等所有与挖土石方有关的工作内容。包文明施工费、利润、管理费、风险费等所有与完成此工程有关的工作内容。","依据图纸所示地面线、路基设计横断面图、图纸所示路基土石比例（实际如有不符，不予调整）并经现场实际验收合格，采用平均断面面积法计算，按照天然密实体积按双方核定的设计（含变更设计）内的数量以立方米为单位计量；沟槽开挖、台阶开挖、装车、二次转运、路面清洗、填料分理、覆盖、弃方整型及压实、机械设备台班、柴油、晒水降尘等与土石方开挖的工作已含在综合单价中，不另行计量。不含路面破除深度，本工程挖土石方平均深1.5m，土石比（土方占比70%，石方占比30%）\n"]
[9,"人工挖土方","m3",{"v":184.60119999999998,"d":"184.60"},47.31,{"v":8733.482772,"d":"8733"},"沟槽开挖、新旧路衔接等特殊路基台阶设置；挖、装、二次转运、路面清洗；填料分理、弃土石方整型、压实；.施工排水处理；路床清理、交工验收等所有与挖土石方有关的工作内容，包文明施工费、利润、管理费、风险费等所有与完成此工程有关的工作内容。","依据图纸所示地面线、路基设计横断面图、图纸所示路基土石比例（实际如有不符，不予调整）并经现场实际验收合格，采用平均断面面积法计算，按照天然密实体积按双方核定的设计（含变更设计）内的数量以立方米为单位计量；沟槽开挖、台阶开挖、装车、二次转运、路面清洗、填料分理、覆盖、弃方整型及压实、机械设备台班、柴油、晒水降尘等与土石方开挖的工作已含在综合单价中，不另行计量。\n"]
["分页小计：",{"$nulls":4},{"v":29223.936304,"d":"29224"}]
["上饶市中心城区排水防涝提升工程设计采购施工总承包(EPC）水南片区金山驾校雨污分流改造工程"]
["细目号","细目名称","单位","暂定工程量","控制单价（元）","控制合价（元）","主要工作内容","计量规则"]
[10,"机械挖石方\n","m3",{"v":197.78699999999998,"d":"197.79"},38.23,{"v":7561.397009999999,"d":"7561"},"沟槽开挖、新旧路衔接等特殊路基台阶设置；挖、装、二次转运、路面清洗；填料分理、弃土石方整型、压实；.施工排水处理；路床清理、交工验收等所有与挖土石方有关的工作内容，包文明施工费、利润、管理费、风险费等所有与完成此工程有关的工作内容。","依据图纸所示地面线、路基设计横断面图、图纸所示路基土石比例（实际如有不符，不予调整）并经现场实际验收合格，采用平均断面面积法计算，按照天然密实体积按双方核定的设计（含变更设计）内的数量以立方米为单位计量；沟槽开挖、台阶开挖、装车、二次转运、路面清洗、填料分理、覆盖、弃方整型及压实、机械设备台班、柴油、晒水降尘等与土石方开挖的工作已含在综合单价中，不另行计量。\n"]
[11,"土石方运输  （15km包干）","m3",796.64,29.57,{"v":23556.6448,"d":"23557"},"土方、石方运输至弃土场或用于施工便道便涵填筑及维护、施工便道及本工区社会车辆通行路段及施工点洒水抑尘；施工点运至弃土场沿线道路的清扫、清洗、抑尘；河道等水系污染的清理、水土保持、各种污染物、噪声、有害气体等的处理；弃土场整平及临时排水、弃土场污染处理、弃土整型、压实、进出车辆冲洗（含社会车辆）等所有与之有关的工作内容，包文明施工费、利润、管理费、风险费等所有与完成此工程有关的工作内容。","依据图纸所示地面线、路基设计横断面图、图纸所示路基土石比例（实际如有不符，不予调整）并经现场实际验收合格，采用平均断面面积法计算，乘以长度及堆积密度（堆积密度取1.5，不予调整）核定，按双方核定的实际发生的数量以立方米为单位计量；便道便涵填筑及维护、二次搬运、材料上车、施工便道及本工区社会车辆通行路段及施工点洒水抑尘、进出车辆冲洗（含社会车辆）等费用已含在综合单价中，不另行计量；安全防护及交通维护措施、安全人员等所需费用已含在综合单价中，不另行计量；如弃土点需乙方整平，增加1.0元/m3的弃土整平及临时排水、污染处理等费用。本单价为运输15km费用（包含车队管理费、车队运输协调费、利润），运输至弃土点运距15km（包干），如超出运距由乙方自行承担。"]
[12,"回填土","m3",315.63,{"v":30.157575,"d":"30.16"},{"v":9518.63539725,"d":"9519"},"    基底翻松、压实、挖台阶；.临时排水、 翻晒；机械整平、分层摊铺；洒水、压实（含小型机具夯实）、路面清洗、补强、二次搬运等所有与回填方有关的工作内容。包文明施工费、利润、管理费、风险费等所有与完成此工程有关的工作内容。","本项是在本劳务分包工程量清单各细目综合单价中已包含人工回填夯实的基础上综合考虑再增设的费用。依据图纸所示位置，经现场实际验收合格按断面面积计算以立方米为单位计量；所有人工、材料、机械设备（含小型夯实机具）、进出车辆冲洗、安全防护设施、垃圾清运、二次搬运等均由乙方提供及实施，费用已含在综合单价中，不另计量。本项目借土运距15Km（包干），如超出运距由乙方自行承担。"]
[13,"回填砂","m3",284.68,{"v":22.47035,"d":"22.47"},{"v":6396.859238,"d":"6397"},"    基底翻松、压实；.临时排水、 翻晒；机械整平、分层摊铺；洒水、压实（含小型机具夯实）、路面清洗、补强等所有与回填方有关的工作内容。，包文明施工费、利润、管理费、风险费等所有与完成此工程有关的工作内容。","本项是在本劳务分包工程量清单各细目综合单价中已包含人工回填夯实的基础上综合考虑再增设的费用。依据图纸所示位置，经现场实际验收合格按断面面积计算以立方米为单位计量；除甲方提供的砂、碎石材料外，剩余所有人工、材料、机械设备（含小型夯实机具）、进出车辆冲洗、安全防护设施、垃圾清运、二次搬运等均由乙方提供及实施，费用已含在综合单价中，不另计量。本项目耗损率5%，超过耗损率由乙方承担费用。如乙方实施后造成地面下沉下陷等质量缺陷，所造成的一切经济损失由乙方负责承担。"]
[14,"道路基层恢复","m3",82.41,{"v":59.13250000000001,"d":"59.13"},{"v":4873.109325,"d":"4873"},"检查和清理下承层、洒水湿润；模板制作、架设、安装、修理、拆除；混凝土浇筑、振捣、钢板（不小于1cm）、抹平、压（刻）纹， 养护；切缝、 灌缝等所有相关的工作内容。，包文明施工费、利润、管理费、风险费等所有与完成此工程有关的工作内容。","依据图纸所示位置及断面尺寸，并经现场实际验收合格按双方核定的设计（含变更设计）内的数量以立方米为单位计量；除混凝土由甲方提供外，所有人工、设备、（含吊车、挖机、溜槽、串筒、发电机及施工用电设施、养护钢板铺设保证交通等）等相关内容均由乙方提供及实施，费用已含在综合单价中，不另行计量。"]
[15,"恢复AC-13 CSBS改性细粒式沥青混凝土","m3",21.98,{"v":1043.1,"d":"1043.10"},{"v":22927.338,"d":"22927"},"检查和清理下承层；铺设粘层；沥青混凝土摊铺、压实， 养护；初期养护等有关的工作内容。","依据图纸所示位置及断面尺寸，并经现场实际验收合格按双方核定的设计（含变更设计）内的数量以立方米为单位计量；所有人工、材料、设备（含吊车、摊铺机、压路机、撒布机、洒水车、挖机、压路机、发电机及施工用电设施、台车等）、安全防护等均由乙方提供及实施，所有材料均由乙方提供，费用已含在综合单价中，不另行计量。"]
[16,"恢复AC-20C中粒式沥青混凝土","m3",32.96,917.28,{"v":30233.5488,"d":"30234"},"检查和清理下承层；铺设粘层；沥青混凝土摊铺、压实， 养护；初期养护等有关的工作内容。","依据图纸所示位置及断面尺寸，并经现场实际验收合格按双方核定的设计（含变更设计）内的数量以立方米为单位计量；所有人工、材料、设备（含吊车、摊铺机、压路机、撒布机、洒水车、挖机、压路机、发电机及施工用电设施、台车等）、安全防护等均由乙方提供及实施，所有材料均由乙方提供，费用已含在综合单价中，不另行计量。"]
[17,"砌块路面铺设","m2",{"v":100,"d":"100.00"},{"v":35.7,"d":"35.70"},{"v":3570.0000000000005,"d":"3570"},"场地平整；台阶整形；素砼浇筑；砂浆制备、铺筑、调平；火烧板搬运、铺贴；场地清理等所有与人行道块料铺设有关的工作内容。"," 依据图纸所示位置及断面尺寸，并经现场实际验收合格按双方核定的设计（含变更设计）内的数量以平方米为单位计量；除火烧板由甲方提供，其余所有人工、材料（含砂浆）、设备、安全防护设施等均由乙方提供及实施，费用已含在综合单价中，不另行计量。"]
["分页小计：",{"$nulls":4},{"v":108637.53257025,"d":"108638"}]
["总计：",{"$nulls":4},{"v":209120.42887425,"d":"209120"}]

{"sheet":"双达小区","index":3,"n_rows":56,"n_cols":8,"rows_kept":56,"merged":[[0,0,0,7],[2,0,2,7],[7,0,7,4],[8,0,8,7],[10,0,10,7],[11,6,13,6],[11,7,13,7],[14,6,15,6],[14,7,15,7],[18,0,18,4],[19,0,19,7],[21,0,21,7],[22,6,25,6],[22,7,25,7],[26,6,28,6],[26,7,28,7],[29,0,29,4],[30,0,30,7],[32,0,32,7],[43,0,43,4],[44,0,44,7],[54,0,54,4],[55,0,55,4]],"flags":["formulas_cached_only"]}
["上饶市中心城区排水防涝提升工程设计采购施工总承包(EPC）水南片区双达小区雨污分流改造工程"]
["细目号","细目名称","单位","暂定工程量","控制单价（元）","控制合价（元）","主要工作内容","计量规则"]
["1、总则"]
[1,"安全生产及行车干扰费","月",1,{"v":7164.012977462501,"d":"7164.01"},7164," 采购现场作业人员的井上、井下个人防护设施、通信设施、安全锥、维护甲方提供安全设备设施、施工路段交通指挥、铺设甲方提供的钢板、疏导（乙方（乙方每个施工点（每天24小时）必须配备至少2名以上安全员及交通维护员以及一辆安全巡查专用车）等与安全有关的工作内容。包文明施工费、利润、管理费、风险费等所有与完成此工程有关的工作内容。","本项是在本劳务分包工程量清单各细目综合单价中已包含安全经费的基础上综合考虑再增设的费用。本细目按计量进度支付，各项安全警示标志、导向牌等安全设施到位满足开工条件后计量支付0.2；其后每次计量支付0.1用于安全设施维修、补缺及安全人员等费用，累计计量支付至0.8，乙方全部完工退场后计量至1.0。如乙方不配合，不服从业主、监理或甲方管理人员指挥，甲方将另外组织人员实施，费用甲方直接从乙方的安全生产费中扣除，不足部分则从乙方计量款中扣除。除施工区间公里桩、围挡、公告牌、限高架，施工点导向警示牌、LED灯、爆闪灯、标志标牌、水马由甲方提供外，其余所有人工、材料、设备、作业人员防护设施、安全锥及维护甲方提供的安全设备设施等均由乙方提供及实施，费用已含在综合单价中，不另行计量。乙方应对甲方提供的安全设施进行维护、维修、摆放，如损耗过大超过10％，则超过的10％的部份由乙方承担费用，甲方将从乙方的计量款中扣除。"]
[2,"施工环保费","项",1,{"v":14328.025954925002,"d":"14328.03"},14328,"主线、施工便道等本工区范围内的洒水降尘、每日工后清扫、人工探沟、因施工导致河道等水系污染的清理、水土保持、各种污染物、噪声、管道通风、气体检测、有害气体等的处理等与环境保护、文明施工相关的所有工作内容。包文明施工费、利润、管理费、风险费等所有与完成此工程有关的工作内容。","本项是在本劳务分包工程量清单各细目综合单价中已包含施工环保费用的基础上综合考虑再增设的费用。本细目按计量进度支付，每次计量支付0.1，累计计量支付至0.8，乙方全部完工并撤场后计量支付至1.0。乙方必须满足本工区施工作业点、线内施工便道及线外施工便道的洒水降尘，每日工后清扫、水土保持、管道通风，气体检测、各种污染物、噪声、有害气体等的处理，符合国家对环境保护的要求，保障沿线居民的正常生活，满足施工需要。如乙方不配合，不服从业主、监理或甲方管理人员指挥，甲方将另外组织人员实施，费用甲方直接从乙方的施工环保费中扣除，不足部分则从乙方计量款中扣除。"]
[3,"喷淋系统","m",300,14.55,4365,"围挡上安装喷淋系统，包括喷头、水管、水箱、发电机、柴油、维护、拆装、电费等所有与喷淋系统相关工作。包文明施工费、利润、管理费、风险费等所有与完成此工程有关的工作内容。","以实际发生工程量按米计取。费用已含在综合单价中,不另行计量。"]
[4,"暂列金","项",1,20000,20000,"主要实施现场挡墙修复、路灯电杆加固、现有管道加固、检查井开洞及修复、现浇混凝土井、部分绿化修复、现状管道及检查井清理、树木移植等临时增加的项目，以现场变更计工单计取，小工200大工300。包文明施工费、利润、管理费、风险费等所有与完成此工程有关的工作内容。","以现场实际变更工程量折算人工费、材料费、设备费计取或安照现场管理人员签批的点工单经审核后计取。"]
["分页小计：",{"$nulls":4},45857]
["上饶市中心城区排水防涝提升工程设计采购施工总承包(EPC）水南片区双达小区雨污分流改造工程"]
["细目号","细目名称","单位","暂定工程量","控制单价（元）","控制合价（元）","主要工作内容","计量规则"]
["2、雨水部分"]
[1,"雨水管（HDPE双壁波纹管DN225）","m",45,5.18,{"v":233.1,"d":"233"},"   包括但不限于场地清理、临时排水（含人工和水泵）、管沟开挖后人工扒平、垫层浇筑、雨污水波纹管搬运及安装、管道砂砾回填人工扒平、放线、配合管道检测等所需人工费,与该项作业有关的所有辅材费，与该项作业有关的所有机具、机械、小五金、设备费；材料卸车费、二次搬运费、作业点间二次转运费；成品保护费；交竣工验收前非乙方原因造成的管道损坏需更换的，按照更换的数量及清包工单价计价，反之由于乙方原因导致管道闭水试验不合格、验收不合格、乙方原因造成的管道损坏需整改的，乙方无条件整改，所产生的人工费、材料费、机械费均由乙方承担；闭水试验；交竣工验收前必须保证管道通畅，如有杂土、淤泥、杂物、堵塞等必须无条件清理保证通畅；作业人安全施工技术交底；作业过程必须做好临电及机具使用防护措施；进度、质量、安全、工艺严格按照图纸及甲方项目部要求执行；包文明施工费、利润、管理费、风险费等所有与完成此工程有关的工作内容。","依据图纸所示位置及断面尺寸,并经现场实际验收合格按双方核定的设计(含设计变更)内的数量以米为单位计量:除管材、混凝土、回填材料（砂、石）由甲方提供外,其余与该项作业有关的所有辅材,与该项作业有关的所有人工、机具、机械、设备等均由乙方提供及实施,费用含在综合单价中,不另行计量。"]
[2,"雨水管（HDPE双壁波纹管DN315）","m",159,5.18,{"v":823.62,"d":"824"}]
[3,"雨水接户管及雨水立管（UPVC管DE110）","m",94,2.37,{"v":222.78,"d":"223"}]
[4,"300*300钢筋混凝土水沟","m",3.1,{"v":448.17704399999997,"d":"448.18"},{"v":1389.3488364,"d":"1389"},"含场地清理、地基夯实、断面挖补、铺设垫层、模板安装及拆除、钢筋制作与安装、砼浇筑及养护等所有与钢筋混凝土水沟施工有关的工作内容。","依据图纸所示位置及断面尺寸、按钢筋混凝土水沟实际完成并经现场验收合格的数量以米为单位进行计量。所有钢筋混凝土水沟施工除混凝土由甲方提供外，剩余所需材料、设备（含发电机、搅拌机及施工用电设施等）及便道填筑及维护、土方开挖等均由乙方提供及实施，费用已含在综合单价中，不另行计量。"]
[5,"300*400钢筋混凝土水沟","m",8,{"v":493.377927,"d":"493.38"},{"v":3947.023416,"d":"3947"}]
[6,"单算平篦式雨水口（680*380砖砌）","座",18,472.04,{"v":8496.720000000001,"d":"8497"},"含场地清理；临时排水；提供标准砖块、M7.5砂浆（河砂、水泥P·042.5）；按照设计图纸及规范要求砌筑及粉刷井；安装雨箅；养护、成品保护；安全防护措施；利润、管理费、风险费等所有与雨水进水井砖砌和粉刷有关的工作内容。","依据图纸所示位置及断面尺寸，并经现场实际验收合格按双方核定的设计（含变更设计）内的数量以座为单位计量；除雨箅由甲方提供外，所有材料（含标准砖块、M7.5砂浆）、设备（含砂浆搅拌机、灰桶、小五金等）、安全防护措施等均由乙方提供及实施，费用已含在综合单价中，不另行计量。"]
[7,"雨水检查井（砼预制井φ700）","座",17,425.75,{"v":7237.75,"d":"7238"},"包括但不限于场地清理、临时排水（含人工和水泵）、井坑开挖后人工扒平、成品井保护、混凝土预制井及混凝土井盖机械吊装及人工安装、管道与井连接安装（含连接处接头砂浆封堵）、圆形上部收口井筒安装、防坠网安装、铸铁井座井盖安装、交竣工验收前涉及井的二次清掏、路面施工过程涉及的多次升井与井盖拆除与安装等所需人工费，材料费（除预制井、混凝土井盖、调节井筒、铸铁井盖由甲方提供外，其他所有辅材（如砂、水泥）均由乙方提供），提供所有与完成该项作业有关的机具、设备、机械；交竣工验收前如有井损坏的及时修复；材料卸车费、二次搬运费、作业点间二次转运费；成品保护；作业人员安全施工技术交底；特殊工种持证上岗；作业全过程做好临电及机具使用防护措施；进度、质量、安全、工艺严格按照图纸及甲方项目部要求执行。；包文明施工费、利润、管理费、风险费等所有与完成此工程有关的工作内容。","依据图纸所示位置及断面尺寸,并经现场实际验收合格按双方核定的设计(含变更设计)内的数量以座为单位计量，材料费（除预制井、混凝土井盖、调节井筒、铸铁井盖由甲方提供外，其他所有辅材（如砂、水泥）均由乙方提供），所有与完成该项作业有关的人工、机具、设备、机械等均由乙方提供及实施,费用已含在综合单价中,不另行计量。"]
["分页小计：",{"$nulls":4},{"v":22350.3422524,"d":"22350"}]
["上饶市中心城区排水防涝提升工程设计采购施工总承包(EPC）水南片区双达小区雨污分流改造工程"]
["细目号","细目名称","单位","暂定工程量","控制单价（元）","控制合价（元）","主要工作内容","计量规则"]
["3、污水部分"]
[1,"污水管（HDPE缠绕结构B型管D200）","m",46,2.59,{"v":119.13999999999999,"d":"119"}," 包括但不限于场地清理、临时排水（含人工和水泵）、管沟开挖后人工扒平、垫层浇筑、雨污水波纹管搬运及安装、管道砂砾回填人工扒平、放线、配合管道检测等所需人工费,与该项作业有关的所有辅材费，与该项作业有关的所有机具、机械、小五金、设备费；材料卸车费、二次搬运费、作业点间二次转运费；成品保护费；交竣工验收前非乙方原因造成的管道损坏需更换的，按照更换的数量及清包工单价计价，反之由于乙方原因导致管道闭水试验不合格、验收不合格、乙方原因造成的管道损坏需整改的，乙方无条件整改，所产生的人工费、材料费、机械费均由乙方承担；闭水试验；交竣工验收前必须保证管道通畅，如有杂土、淤泥、杂物、堵塞等必须无条件清理保证通畅；作业人安全施工技术交底；作业过程必须做好临电及机具使用防护措施；进度、质量、安全、工艺严格按照图纸及甲方项目部要求执行；包文明施工费、利润、管理费、风险费等所有与完成此工程有关的工作内容。","依据图纸所示位置及断面尺寸,并经现场实际验收合格按双方核定的设计(含设计变更)内的数量以米为单位计量:除管材、混凝土、回填材料（砂、石）由甲方提供外,其余与该项作业有关的所有辅材,与该项作业有关的所有人工、机具、机械、设备等均由乙方提供及实施,费用含在综合单价中,不另行计量。"]
[2,"污水管（HDPE缠绕结构B型管D300）","m",430,5.18,{"v":2227.4,"d":"2227"}]
[3,"新建污水接户管（UPVC管DE110）","m",120,2.37,{"v":284.40000000000003,"d":"284"}]
[4,"新建污水接户管（UPVC管DE160）","m",10,2.96,{"v":29.6,"d":"30"}]
[5,"污水检查井（砼预制井φ700）","座",3,404.47,{"v":1213.41,"d":"1213"},"包括但不限于场地清理、临时排水（含人工和水泵）、井坑开挖后人工扒平、成品井保护、混凝土预制井及混凝土井盖机械吊装及人工安装、管道与井连接安装（含连接处接头砂浆封堵）、圆形上部收口井筒安装、防坠网安装、铸铁井座井盖安装、交竣工验收前涉及井的二次清掏、路面施工过程涉及的多次升井与井盖拆除与安装等所需人工费，材料费（除预制井、混凝土井盖、调节井筒、铸铁井盖由甲方提供外，其他所有辅材（如砂、水泥）均由乙方提供），提供所有与完成该项作业有关的机具、设备、机械；交竣工验收前如有井损坏的及时修复；材料卸车费、二次搬运费、作业点间二次转运费；成品保护；作业人员安全施工技术交底；特殊工种持证上岗；作业全过程做好临电及机具使用防护措施；进度、质量、安全、工艺严格按照图纸及甲方项目部要求执行。；包文明施工费、利润、管理费、风险费等所有与完成此工程有关的工作内容。","依据图纸所示位置及断面尺寸,并经现场实际验收合格按双方核定的设计(含变更设计)内的数量以座为单位计量，材料费（除预制井、混凝土井盖、调节井筒、铸铁井盖由甲方提供外，其他所有辅材（如砂、水泥）均由乙方提供），所有与完成该项作业有关的人工、机具、设备、机械等均由乙方提供及实施,费用已含在综合单价中,不另行计量。"]
[6,"污水检查井（砼预制井φ1000）","座",1,484.89,{"v":484.89,"d":"485"}]
[7,"污水检查井（砼预制井500×500）","座",41,386.73,{"v":15855.93,"d":"15856"}]
["分页小计：",{"$nulls":4},{"v":20214.77,"d":"20215"}]
["上饶市中心城区排水防涝提升工程设计采购施工总承包(EPC）水南片区双达小区雨污分流改造工程"]
["细目号","细目名称","单位","暂定工程量","控制单价（元）","控制合价（元）","主要工作内容","计量规则"]
["4、其他工程量"]
[1,"管道接驳","处",7,500,3500,"现状管道接驳等所有与其有关的工作内容，包文明施工费、利润、管理费、风险费等所有与完成此工程有关的工作内容。","   依据图纸所示位置及断面尺寸，并经现场实际验收合格按双方核定的设计（含变更设计）内的数量作为结算依据；所有人工、材料、设备（含施工用电、发电机、小型机具设备设施等）、安全防护等均由乙方提供及实施，费用已含在综合单价中，不另行计量。"]
[2,"管道封堵","处",19,200,3800,"场地清理；围堰、排水，基坑支护；防水措施等所有与其有关的工作内容，包文明施工费、利润、管理费、风险费等所有与完成此工程有关的工作内容。","    依据图纸所示位置及断面尺寸，并经现场实际验收合格按双方核定的设计（含变更设计）内的数量作为结算依据；除管道、商品混凝土等主要材料由甲方采购外，其余所有人工、材料、设备（含吊车、挖机、发电机及施工用电设施等）、安全防护等均由乙方提供及实施，费用已含在综合单价中，不另行计量。"]
[3,"老井粉刷","m2",80,21.54,{"v":1723.1999999999998,"d":"1723"},"含材料、人工、设备等所有与其有关的工作内容，包文明施工费、利润、管理费、风险费等所有与完成此工程有关的工作内容。","    依据图纸所示位置及断面尺寸，并经现场实际验收合格按双方核定的设计（含变更设计）内的数量作为结算依据；所有人工、材料、设备（含吊车、挖机、发电机及施工用电设施等）、安全防护等均由乙方提供及实施，费用已含在综合单价中，不另行计量。"]
[4,"绿化恢复（铺设草皮）","m2",100,16.56,{"v":1655.9999999999998,"d":"1656"},"场地清理、回填种植土、整理绿化用地，草皮采购、运输、卸车，草皮铺设；浇水、施肥、除虫、补种、养护；场地清理，废弃物装卸运输等。","依据图纸所示位置及断面尺寸，并经现场实际验收合格按双方核定的设计（含变更设计）内的数量以平方米为单位计量；所有人工、材料、设备、安全防护等均由乙方提供及实施，费用已含在综合单价中，不另行计量。"]
[5,"路缘石拆除及恢复（新建）","米",100,72.7,7270,"安砌侧(平、缘）石（新建）等所有与其有关的工作内容","   依据图纸所示位置及断面尺寸，并经现场实际验收合格按双方核定的设计（含变更设计）内的数量作为结算依据；所有材料、设备（含施工用电、发电机、小型机具设备设施等）、安全防护等均由乙方提供及实施，费用已含在综合单价中，不另行计量。"]
[6,"路缘石拆除及恢复（利用原材料）","米",100,13.58,1358,"安砌侧(平、缘）石（利用原材料）等所有与其有关的工作内容","   依据图纸所示位置及断面尺寸，并经现场实际验收合格按双方核定的设计（含变更设计）内的数量作为结算依据；所有材料、设备（含施工用电、发电机、小型机具设备设施等）、安全防护等均由乙方提供及实施，费用已含在综合单价中，不另行计量。"]
[7,"气囊封堵及拆除","处",8,257.21,{"v":2057.68,"d":"2058"},"气囊封堵及拆除等所有与其有关的工作内容，包文明施工费、利润、管理费、风险费等所有与完成此工程有关的工作内容。","   依据图纸所示位置及断面尺寸，并经现场实际验收合格按双方核定的设计（含变更设计）内的数量作为结算依据；所有人工、材料、设备（含施工用电、发电机、小型机具设备设施等）、安全防护等均由乙方提供及实施，费用已含在综合单价中，不另行计量。"]
[8,"破除路面（沥青混凝土面层、混凝土面层）","m3",168.89,38.54,{"v":6509.020599999999,"d":"6509"},"    路面机械挖除、清理工作面（含解小、沥青水稳垫层至符合填筑要求）；挖、装、场内运输；填料分理、弃土整型、压实；.施工排水处理；路床顶面凿平、顶面凿毛或石渣填平压实、路床清理等所有与破除路面有关的工作内容，包文明施工费、利润、管理费、风险费等所有与完成此工程有关的工作内容。","        依据图纸所示，经现场实际验收为准，采用平均断面面积法计算，按照天然密实体积按双方核定的设计（含变更设计）内的数量以立方米为单位计量； 路面破碎、挖除、台阶开挖、排水、路面清洗等相关的人工、材料、设备等费用已含在综合单价中，不另行计量；本工程挖除路面涵盖水稳层、沥青路面层、碎石垫层\n"]
[9,"机械挖土方\n","m3",{"v":397.22339999999997,"d":"397.22"},4.74,{"v":1882.838916,"d":"1883"},"沟槽开挖、新旧路衔接等特殊路基台阶设置；挖、装、二次转运、路面清洗；填料分理、弃土石方整型、压实；.施工排水处理；路床清理、交工验收等所有与挖土石方有关的工作内容。包文明施工费、利润、管理费、风险费等所有与完成此工程有关的工作内容。","依据图纸所示地面线、路基设计横断面图、图纸所示路基土石比例（实际如有不符，不予调整）并经现场实际验收合格，采用平均断面面积法计算，按照天然密实体积按双方核定的设计（含变更设计）内的数量以立方米为单位计量；沟槽开挖、台阶开挖、装车、二次转运、路面清洗、填料分理、覆盖、弃方整型及压实、机械设备台班、柴油、晒水降尘等与土石方开挖的工作已含在综合单价中，不另行计量。不含路面破除深度，本工程挖土石方平均深1.5m，土石比（土方占比70%，石方占比30%）\n"]
[10,"人工挖土方","m3",{"v":264.8156,"d":"264.82"},47.31,{"v":12528.426036,"d":"12528"},"沟槽开挖、新旧路衔接等特殊路基台阶设置；挖、装、二次转运、路面清洗；填料分理、弃土石方整型、压实；.施工排水处理；路床清理、交工验收等所有与挖土石方有关的工作内容，包文明施工费、利润、管理费、风险费等所有与完成此工程有关的工作内容。","依据图纸所示地面线、路基设计横断面图、图纸所示路基土石比例（实际如有不符，不予调整）并经现场实际验收合格，采用平均断面面积法计算，按照天然密实体积按双方核定的设计（含变更设计）内的数量以立方米为单位计量；沟槽开挖、台阶开挖、装车、二次转运、路面清洗、填料分理、覆盖、弃方整型及压实、机械设备台班、柴油、晒水降尘等与土石方开挖的工作已含在综合单价中，不另行计量。\n"]
["分页小计：",{"$nulls":4},{"v":42285.165552000006,"d":"42285"}]
["上饶市中心城区排水防涝提升工程设计采购施工总承包(EPC）水南片区双达小区雨污分流改造工程"]
["细目号","细目名称","单位","暂定工程量","控制单价（元）","控制合价（元）","主要工作内容","计量规则"]
[11,"机械挖石方\n","m3",{"v":283.731,"d":"283.73"},38.23,{"v":10847.036129999999,"d":"10847"},"沟槽开挖、新旧路衔接等特殊路基台阶设置；挖、装、二次转运、路面清洗；填料分理、弃土石方整型、压实；.施工排水处理；路床清理、交工验收等所有与挖土石方有关的工作内容，包文明施工费、利润、管理费、风险费等所有与完成此工程有关的工作内容。","依据图纸所示地面线、路基设计横断面图、图纸所示路基土石比例（实际如有不符，不予调整）并经现场实际验收合格，采用平均断面面积法计算，按照天然密实体积按双方核定的设计（含变更设计）内的数量以立方米为单位计量；沟槽开挖、台阶开挖、装车、二次转运、路面清洗、填料分理、覆盖、弃方整型及压实、机械设备台班、柴油、晒水降尘等与土石方开挖的工作已含在综合单价中，不另行计量。\n"]
[12,"土石方运输  （15km包干）","m3",1114.66,29.57,{"v":32960.4962,"d":"32960"},"土方、石方运输至弃土场或用于施工便道便涵填筑及维护、施工便道及本工区社会车辆通行路段及施工点洒水抑尘；施工点运至弃土场沿线道路的清扫、清洗、抑尘；河道等水系污染的清理、水土保持、各种污染物、噪声、有害气体等的处理；弃土场整平及临时排水、弃土场污染处理、弃土整型、压实、进出车辆冲洗（含社会车辆）等所有与之有关的工作内容，包文明施工费、利润、管理费、风险费等所有与完成此工程有关的工作内容。","依据图纸所示地面线、路基设计横断面图、图纸所示路基土石比例（实际如有不符，不予调整）并经现场实际验收合格，采用平均断面面积法计算，乘以长度及堆积密度（堆积密度取1.5，不予调整）核定，按双方核定的实际发生的数量以立方米为单位计量；便道便涵填筑及维护、二次搬运、材料上车、施工便道及本工区社会车辆通行路段及施工点洒水抑尘、进出车辆冲洗（含社会车辆）等费用已含在综合单价中，不另行计量；安全防护及交通维护措施、安全人员等所需费用已含在综合单价中，不另行计量；如弃土点需乙方整平，增加1.0元/m3的弃土整平及临时排水、污染处理等费用。本单价为运输15km费用（包含车队管理费、车队运输协调费、利润），运输至弃土点运距15km（包干），如超出运距由乙方自行承担。"]
[13,"回填土","m3",569.89,{"v":30.157575,"d":"30.16"},{"v":17186.50041675,"d":"17187"},"    基底翻松、压实、挖台阶；.临时排水、 翻晒；机械整平、分层摊铺；洒水、压实（含小型机具夯实）、路面清洗、补强、二次搬运等所有与回填方有关的工作内容。包文明施工费、利润、管理费、风险费等所有与完成此工程有关的工作内容。","本项是在本劳务分包工程量清单各细目综合单价中已包含人工回填夯实的基础上综合考虑再增设的费用。依据图纸所示位置，经现场实际验收合格按断面面积计算以立方米为单位计量；所有人工、材料、机械设备（含小型夯实机具）、进出车辆冲洗、安全防护设施、垃圾清运、二次搬运等均由乙方提供及实施，费用已含在综合单价中，不另计量。本项目借土运距15Km（包干），如超出运距由乙方自行承担。"]
[14,"回填砂","m3",327.65,{"v":22.47035,"d":"22.47"},{"v":7362.410177499999,"d":"7362"},"    基底翻松、压实；.临时排水、 翻晒；机械整平、分层摊铺；洒水、压实（含小型机具夯实）、路面清洗、补强等所有与回填方有关的工作内容。，包文明施工费、利润、管理费、风险费等所有与完成此工程有关的工作内容。","本项是在本劳务分包工程量清单各细目综合单价中已包含人工回填夯实的基础上综合考虑再增设的费用。依据图纸所示位置，经现场实际验收合格按断面面积计算以立方米为单位计量；除甲方提供的砂、碎石材料外，剩余所有人工、材料、机械设备（含小型夯实机具）、进出车辆冲洗、安全防护设施、垃圾清运、二次搬运等均由乙方提供及实施，费用已含在综合单价中，不另计量。本项目耗损率5%，超过耗损率由乙方承担费用。如乙方实施后造成地面下沉下陷等质量缺陷，所造成的一切经济损失由乙方负责承担。"]
[15,"道路基层恢复","m3",101.33,{"v":59.13250000000001,"d":"59.13"},{"v":5991.896225,"d":"5992"},"检查和清理下承层、洒水湿润；模板制作、架设、安装、修理、拆除；混凝土浇筑、振捣、钢板（不小于1cm）、抹平、压（刻）纹， 养护；切缝、 灌缝等所有相关的工作内容。，包文明施工费、利润、管理费、风险费等所有与完成此工程有关的工作内容。","依据图纸所示位置及断面尺寸，并经现场实际验收合格按双方核定的设计（含变更设计）内的数量以立方米为单位计量；除混凝土由甲方提供外，所有人工、设备、（含吊车、挖机、溜槽、串筒、发电机及施工用电设施、养护钢板铺设保证交通等）等相关内容均由乙方提供及实施，费用已含在综合单价中，不另行计量。"]
[16,"恢复AC-13 CSBS改性细粒式沥青混凝土","m3",27.02,{"v":1043.1,"d":"1043.10"},{"v":28184.561999999998,"d":"28185"},"检查和清理下承层；铺设粘层；沥青混凝土摊铺、压实， 养护；初期养护等有关的工作内容。","依据图纸所示位置及断面尺寸，并经现场实际验收合格按双方核定的设计（含变更设计）内的数量以立方米为单位计量；所有人工、材料、设备（含吊车、摊铺机、压路机、撒布机、洒水车、挖机、压路机、发电机及施工用电设施、台车等）、安全防护等均由乙方提供及实施，所有材料均由乙方提供，费用已含在综合单价中，不另行计量。"]
[17,"恢复AC-20C中粒式沥青混凝土","m3",40.53,917.28,{"v":37177.3584,"d":"37177"},"检查和清理下承层；铺设粘层；沥青混凝土摊铺、压实， 养护；初期养护等有关的工作内容。","依据图纸所示位置及断面尺寸，并经现场实际验收合格按双方核定的设计（含变更设计）内的数量以立方米为单位计量；所有人工、材料、设备（含吊车、摊铺机、压路机、撒布机、洒水车、挖机、压路机、发电机及施工用电设施、台车等）、安全防护等均由乙方提供及实施，所有材料均由乙方提供，费用已含在综合单价中，不另行计量。"]
[18,"砌块路面铺设","m2",{"v":100,"d":"100.00"},{"v":35.7,"d":"35.70"},{"v":3570.0000000000005,"d":"3570"},"场地平整；台阶整形；素砼浇筑；砂浆制备、铺筑、调平；火烧板搬运、铺贴；场地清理等所有与人行道块料铺设有关的工作内容。"," 依据图纸所示位置及断面尺寸，并经现场实际验收合格按双方核定的设计（含变更设计）内的数量以平方米为单位计量；除火烧板由甲方提供，其余所有人工、材料（含砂浆）、设备、安全防护设施等均由乙方提供及实施，费用已含在综合单价中，不另行计量。"]
["分页小计：",{"$nulls":4},{"v":143280.25954925,"d":"143280"}]
["总计：",{"$nulls":4},{"v":273987.53735364997,"d":"273988"}]

{"sheet":"水南农贸市场","index":4,"n_rows":54,"n_cols":8,"rows_kept":54,"merged":[[0,0,0,7],[2,0,2,7],[7,0,7,4],[8,0,8,7],[10,0,10,7],[11,6,13,6],[11,7,13,7],[16,0,16,4],[17,0,17,7],[19,0,19,7],[20,6,23,6],[20,7,23,7],[24,6,26,6],[24,7,26,7],[27,0,27,4],[28,0,28,7],[30,0,30,7],[41,0,41,4],[42,0,42,7],[52,0,52,4],[53,0,53,4]],"flags":["formulas_cached_only"]}
["上饶市中心城区排水防涝提升工程设计采购施工总承包(EPC）水南片区水南农贸市场雨污分流改造工程"]
["细目号","细目名称","单位","暂定工程量","控制单价（元）","控制合价（元）","主要工作内容","计量规则"]
["1、总则"]
[1,"安全生产及行车干扰费","月",1,{"v":5284.5306388375,"d":"5284.53"},5285," 采购现场作业人员的井上、井下个人防护设施、通信设施、安全锥、维护甲方提供安全设备设施、施工路段交通指挥、铺设甲方提供的钢板、疏导（乙方（乙方每个施工点（每天24小时）必须配备至少2名以上安全员及交通维护员以及一辆安全巡查专用车）等与安全有关的工作内容。包文明施工费、利润、管理费、风险费等所有与完成此工程有关的工作内容。","本项是在本劳务分包工程量清单各细目综合单价中已包含安全经费的基础上综合考虑再增设的费用。本细目按计量进度支付，各项安全警示标志、导向牌等安全设施到位满足开工条件后计量支付0.2；其后每次计量支付0.1用于安全设施维修、补缺及安全人员等费用，累计计量支付至0.8，乙方全部完工退场后计量至1.0。如乙方不配合，不服从业主、监理或甲方管理人员指挥，甲方将另外组织人员实施，费用甲方直接从乙方的安全生产费中扣除，不足部分则从乙方计量款中扣除。除施工区间公里桩、围挡、公告牌、限高架，施工点导向警示牌、LED灯、爆闪灯、标志标牌、水马由甲方提供外，其余所有人工、材料、设备、作业人员防护设施、安全锥及维护甲方提供的安全设备设施等均由乙方提供及实施，费用已含在综合单价中，不另行计量。乙方应对甲方提供的安全设施进行维护、维修、摆放，如损耗过大超过10％，则超过的10％的部份由乙方承担费用，甲方将从乙方的计量款中扣除。"]
[2,"施工环保费","项",1,{"v":10569.061277675,"d":"10569.06"},10569,"主线、施工便道等本工区范围内的洒水降尘、每日工后清扫、人工探沟、因施工导致河道等水系污染的清理、水土保持、各种污染物、噪声、管道通风、气体检测、有害气体等的处理等与环境保护、文明施工相关的所有工作内容。包文明施工费、利润、管理费、风险费等所有与完成此工程有关的工作内容。","本项是在本劳务分包工程量清单各细目综合单价中已包含施工环保费用的基础上综合考虑再增设的费用。本细目按计量进度支付，每次计量支付0.1，累计计量支付至0.8，乙方全部完工并撤场后计量支付至1.0。乙方必须满足本工区施工作业点、线内施工便道及线外施工便道的洒水降尘，每日工后清扫、水土保持、管道通风，气体检测、各种污染物、噪声、有害气体等的处理，符合国家对环境保护的要求，保障沿线居民的正常生活，满足施工需要。如乙方不配合，不服从业主、监理或甲方管理人员指挥，甲方将另外组织人员实施，费用甲方直接从乙方的施工环保费中扣除，不足部分则从乙方计量款中扣除。"]
[3,"喷淋系统","m",300,14.55,4365,"围挡上安装喷淋系统，包括喷头、水管、水箱、发电机、柴油、维护、拆装、电费等所有与喷淋系统相关工作。包文明施工费、利润、管理费、风险费等所有与完成此工程有关的工作内容。","以实际发生工程量按米计取。费用已含在综合单价中,不另行计量。"]
[4,"暂列金","项",1,20000,20000,"主要实施现场挡墙修复、路灯电杆加固、现有管道加固、检查井开洞及修复、现浇混凝土井、部分绿化修复、现状管道及检查井清理、树木移植等临时增加的项目，以现场变更计工单计取，小工200大工300。包文明施工费、利润、管理费、风险费等所有与完成此工程有关的工作内容。","以现场实际变更工程量折算人工费、材料费、设备费计取或安照现场管理人员签批的点工单经审核后计取。"]
["分页小计：",{"$nulls":4},40219]
["上饶市中心城区排水防涝提升工程设计采购施工总承包(EPC）水南片区水南农贸市场雨污分流改造工程"]
["细目号","细目名称","单位","暂定工程量","控制单价（元）","控制合价（元）","主要工作内容","计量规则"]
["2、雨水部分"]
[1,"雨水管（HDPE双壁波纹管DN225）","m",57,5.18,{"v":295.26,"d":"295"},"   包括但不限于场地清理、临时排水（含人工和水泵）、管沟开挖后人工扒平、垫层浇筑、雨污水波纹管搬运及安装、管道砂砾回填人工扒平、放线、配合管道检测等所需人工费,与该项作业有关的所有辅材费，与该项作业有关的所有机具、机械、小五金、设备费；材料卸车费、二次搬运费、作业点间二次转运费；成品保护费；交竣工验收前非乙方原因造成的管道损坏需更换的，按照更换的数量及清包工单价计价，反之由于乙方原因导致管道闭水试验不合格、验收不合格、乙方原因造成的管道损坏需整改的，乙方无条件整改，所产生的人工费、材料费、机械费均由乙方承担；闭水试验；交竣工验收前必须保证管道通畅，如有杂土、淤泥、杂物、堵塞等必须无条件清理保证通畅；作业人安全施工技术交底；作业过程必须做好临电及机具使用防护措施；进度、质量、安全、工艺严格按照图纸及甲方项目部要求执行；包文明施工费、利润、管理费、风险费等所有与完成此工程有关的工作内容。","依据图纸所示位置及断面尺寸,并经现场实际验收合格按双方核定的设计(含设计变更)内的数量以米为单位计量:除管材、混凝土、回填材料（砂、石）由甲方提供外,其余与该项作业有关的所有辅材,与该项作业有关的所有人工、机具、机械、设备等均由乙方提供及实施,费用含在综合单价中,不另行计量。"]
[2,"雨水管（HDPE双壁波纹管DN315）","m",124,5.18,{"v":642.3199999999999,"d":"642"}]
[3,"雨水接户管及雨水立管（UPVC管DE110）","m",48,2.37,{"v":113.76,"d":"114"}]
[4,"雨水检查井（砼预制井φ700）","座",22,425.75,{"v":9366.5,"d":"9367"},"包括但不限于场地清理、临时排水（含人工和水泵）、井坑开挖后人工扒平、成品井保护、混凝土预制井及混凝土井盖机械吊装及人工安装、管道与井连接安装（含连接处接头砂浆封堵）、圆形上部收口井筒安装、防坠网安装、铸铁井座井盖安装、交竣工验收前涉及井的二次清掏、路面施工过程涉及的多次升井与井盖拆除与安装等所需人工费，材料费（除预制井、混凝土井盖、调节井筒、铸铁井盖由甲方提供外，其他所有辅材（如砂、水泥）均由乙方提供），提供所有与完成该项作业有关的机具、设备、机械；交竣工验收前如有井损坏的及时修复；材料卸车费、二次搬运费、作业点间二次转运费；成品保护；作业人员安全施工技术交底；特殊工种持证上岗；作业全过程做好临电及机具使用防护措施；进度、质量、安全、工艺严格按照图纸及甲方项目部要求执行。；包文明施工费、利润、管理费、风险费等所有与完成此工程有关的工作内容。","依据图纸所示位置及断面尺寸,并经现场实际验收合格按双方核定的设计(含变更设计)内的数量以座为单位计量，材料费（除预制井、混凝土井盖、调节井筒、铸铁井盖由甲方提供外，其他所有辅材（如砂、水泥）均由乙方提供），所有与完成该项作业有关的人工、机具、设备、机械等均由乙方提供及实施,费用已含在综合单价中,不另行计量。"]
[5,"单算平篦式雨水口（砖砌）","座",22,472.04,{"v":10384.880000000001,"d":"10385"},"含场地清理；临时排水；提供标准砖块、M7.5砂浆（河砂、水泥P·042.5）；按照设计图纸及规范要求砌筑及粉刷井；安装雨箅；养护、成品保护；安全防护措施；利润、管理费、风险费等所有与雨水进水井砖砌和粉刷有关的工作内容。","依据图纸所示位置及断面尺寸，并经现场实际验收合格按双方核定的设计（含变更设计）内的数量以座为单位计量；除雨箅由甲方提供外，所有材料（含标准砖块、M7.5砂浆）、设备（含砂浆搅拌机、灰桶、小五金等）、安全防护措施等均由乙方提供及实施，费用已含在综合单价中，不另行计量。"]
["分页小计：",{"$nulls":4},{"v":20802.72,"d":"20803"}]
["上饶市中心城区排水防涝提升工程设计采购施工总承包(EPC）水南片区水南农贸市场雨污分流改造工程"]
["细目号","细目名称","单位","暂定工程量","控制单价（元）","控制合价（元）","主要工作内容","计量规则"]
["3、污水部分"]
[1,"UPVC管DE160","m",30,2.96,{"v":88.8,"d":"89"}," 包括但不限于场地清理、临时排水（含人工和水泵）、管沟开挖后人工扒平、垫层浇筑、雨污水波纹管搬运及安装、管道砂砾回填人工扒平、放线、配合管道检测等所需人工费,与该项作业有关的所有辅材费，与该项作业有关的所有机具、机械、小五金、设备费；材料卸车费、二次搬运费、作业点间二次转运费；成品保护费；交竣工验收前非乙方原因造成的管道损坏需更换的，按照更换的数量及清包工单价计价，反之由于乙方原因导致管道闭水试验不合格、验收不合格、乙方原因造成的管道损坏需整改的，乙方无条件整改，所产生的人工费、材料费、机械费均由乙方承担；闭水试验；交竣工验收前必须保证管道通畅，如有杂土、淤泥、杂物、堵塞等必须无条件清理保证通畅；作业人安全施工技术交底；作业过程必须做好临电及机具使用防护措施；进度、质量、安全、工艺严格按照图纸及甲方项目部要求执行；包文明施工费、利润、管理费、风险费等所有与完成此工程有关的工作内容。","依据图纸所示位置及断面尺寸,并经现场实际验收合格按双方核定的设计(含设计变更)内的数量以米为单位计量:除管材、混凝土、回填材料（砂、石）由甲方提供外,其余与该项作业有关的所有辅材,与该项作业有关的所有人工、机具、机械、设备等均由乙方提供及实施,费用含在综合单价中,不另行计量。"]
[2,"污水管（HDPE缠绕结构B型管D200）","m",99,2.59,{"v":256.40999999999997,"d":"256"}]
[3,"污水管（HDPE缠绕结构B型管D300）","m",226,5.18,{"v":1170.6799999999998,"d":"1171"}]
[4,"新建污水接户管（UPVC管DE110）","m",150,2.37,{"v":355.5,"d":"356"}]
[5,"污水检查井（砼预制井φ700）","座",34,404.47,{"v":13751.980000000001,"d":"13752"},"包括但不限于场地清理、临时排水（含人工和水泵）、井坑开挖后人工扒平、成品井保护、混凝土预制井及混凝土井盖机械吊装及人工安装、管道与井连接安装（含连接处接头砂浆封堵）、圆形上部收口井筒安装、防坠网安装、铸铁井座井盖安装、交竣工验收前涉及井的二次清掏、路面施工过程涉及的多次升井与井盖拆除与安装等所需人工费，材料费（除预制井、混凝土井盖、调节井筒、铸铁井盖由甲方提供外，其他所有辅材（如砂、水泥）均由乙方提供），提供所有与完成该项作业有关的机具、设备、机械；交竣工验收前如有井损坏的及时修复；材料卸车费、二次搬运费、作业点间二次转运费；成品保护；作业人员安全施工技术交底；特殊工种持证上岗；作业全过程做好临电及机具使用防护措施；进度、质量、安全、工艺严格按照图纸及甲方项目部要求执行。；包文明施工费、利润、管理费、风险费等所有与完成此工程有关的工作内容。","依据图纸所示位置及断面尺寸,并经现场实际验收合格按双方核定的设计(含变更设计)内的数量以座为单位计量，材料费（除预制井、混凝土井盖、调节井筒、铸铁井盖由甲方提供外，其他所有辅材（如砂、水泥）均由乙方提供），所有与完成该项作业有关的人工、机具、设备、机械等均由乙方提供及实施,费用已含在综合单价中,不另行计量。"]
[6,"污水检查井（砼预制井φ1000）","座",4,484.89,{"v":1939.56,"d":"1940"}]
[7,"污水检查井（砼预制井500×500）","座",11,386.73,{"v":4254.030000000001,"d":"4254"}]
["分页小计：",{"$nulls":4},{"v":21816.96,"d":"21817"}]
["上饶市中心城区排水防涝提升工程设计采购施工总承包(EPC）水南片区水南农贸市场雨污分流改造工程"]
["细目号","细目名称","单位","暂定工程量","控制单价（元）","控制合价（元）","主要工作内容","计量规则"]
["4、其他工程量"]
[1,"管道接驳","处",3,500,1500,"现状管道接驳等所有与其有关的工作内容，包文明施工费、利润、管理费、风险费等所有与完成此工程有关的工作内容。","   依据图纸所示位置及断面尺寸，并经现场实际验收合格按双方核定的设计（含变更设计）内的数量作为结算依据；所有人工、材料、设备（含施工用电、发电机、小型机具设备设施等）、安全防护等均由乙方提供及实施，费用已含在综合单价中，不另行计量。"]
[2,"管道封堵","处",20,200,4000,"场地清理；围堰、排水，基坑支护；防水措施等所有与其有关的工作内容，包文明施工费、利润、管理费、风险费等所有与完成此工程有关的工作内容。","    依据图纸所示位置及断面尺寸，并经现场实际验收合格按双方核定的设计（含变更设计）内的数量作为结算依据；除管道、商品混凝土等主要材料由甲方采购外，其余所有人工、材料、设备（含吊车、挖机、发电机及施工用电设施等）、安全防护等均由乙方提供及实施，费用已含在综合单价中，不另行计量。"]
[3,"绿化恢复（铺设草皮）","m2",50,16.56,{"v":827.9999999999999,"d":"828"},"场地清理、回填种植土、整理绿化用地，草皮采购、运输、卸车，草皮铺设；浇水、施肥、除虫、补种、养护；场地清理，废弃物装卸运输等。","依据图纸所示位置及断面尺寸，并经现场实际验收合格按双方核定的设计（含变更设计）内的数量以平方米为单位计量；所有人工、材料、设备、安全防护等均由乙方提供及实施，费用已含在综合单价中，不另行计量。"]
[4,"路缘石拆除及恢复（新建）","米",100,72.7,7270,"安砌侧(平、缘）石（新建）等所有与其有关的工作内容","   依据图纸所示位置及断面尺寸，并经现场实际验收合格按双方核定的设计（含变更设计）内的数量作为结算依据；所有材料、设备（含施工用电、发电机、小型机具设备设施等）、安全防护等均由乙方提供及实施，费用已含在综合单价中，不另行计量。"]
[5,"路缘石拆除及恢复（利用原材料）","米",100,13.58,1358,"安砌侧(平、缘）石（利用原材料）等所有与其有关的工作内容","   依据图纸所示位置及断面尺寸，并经现场实际验收合格按双方核定的设计（含变更设计）内的数量作为结算依据；所有材料、设备（含施工用电、发电机、小型机具设备设施等）、安全防护等均由乙方提供及实施，费用已含在综合单价中，不另行计量。"]
[6,"气囊封堵及拆除","处",7,257.21,{"v":1800.4699999999998,"d":"1800"},"气囊封堵及拆除等所有与其有关的工作内容，包文明施工费、利润、管理费、风险费等所有与完成此工程有关的工作内容。","   依据图纸所示位置及断面尺寸，并经现场实际验收合格按双方核定的设计（含变更设计）内的数量作为结算依据；所有人工、材料、设备（含施工用电、发电机、小型机具设备设施等）、安全防护等均由乙方提供及实施，费用已含在综合单价中，不另行计量。"]
[7,"破除路面","m3",133.57,38.54,{"v":5147.7878,"d":"5148"},"    路面机械挖除、清理工作面（含解小、沥青水稳垫层至符合填筑要求）；挖、装、场内运输；填料分理、弃土整型、压实；.施工排水处理；路床顶面凿平、顶面凿毛或石渣填平压实、路床清理等所有与破除路面有关的工作内容，包文明施工费、利润、管理费、风险费等所有与完成此工程有关的工作内容。","        依据图纸所示，经现场实际验收为准，采用平均断面面积法计算，按照天然密实体积按双方核定的设计（含变更设计）内的数量以立方米为单位计量； 路面破碎、挖除、台阶开挖、排水、路面清洗等相关的人工、材料、设备等费用已含在综合单价中，不另行计量；本工程挖除路面涵盖水稳层、沥青路面层、碎石垫层\n"]
[8,"机械挖土方\n","m3",314.16,4.74,{"v":1489.1184000000003,"d":"1489"},"沟槽开挖、新旧路衔接等特殊路基台阶设置；挖、装、二次转运、路面清洗；填料分理、弃土石方整型、压实；.施工排水处理；路床清理、交工验收等所有与挖土石方有关的工作内容。包文明施工费、利润、管理费、风险费等所有与完成此工程有关的工作内容。","依据图纸所示地面线、路基设计横断面图、图纸所示路基土石比例（实际如有不符，不予调整）并经现场实际验收合格，采用平均断面面积法计算，按照天然密实体积按双方核定的设计（含变更设计）内的数量以立方米为单位计量；沟槽开挖、台阶开挖、装车、二次转运、路面清洗、填料分理、覆盖、弃方整型及压实、机械设备台班、柴油、晒水降尘等与土石方开挖的工作已含在综合单价中，不另行计量。不含路面破除深度，本工程挖土石方平均深1.5m，土石比（土方占比70%，石方占比30%）\n"]
[9,"人工挖土方","m3",{"v":209.44000000000003,"d":"209.44"},47.31,{"v":9908.606400000002,"d":"9909"},"沟槽开挖、新旧路衔接等特殊路基台阶设置；挖、装、二次转运、路面清洗；填料分理、弃土石方整型、压实；.施工排水处理；路床清理、交工验收等所有与挖土石方有关的工作内容，包文明施工费、利润、管理费、风险费等所有与完成此工程有关的工作内容。","依据图纸所示地面线、路基设计横断面图、图纸所示路基土石比例（实际如有不符，不予调整）并经现场实际验收合格，采用平均断面面积法计算，按照天然密实体积按双方核定的设计（含变更设计）内的数量以立方米为单位计量；沟槽开挖、台阶开挖、装车、二次转运、路面清洗、填料分理、覆盖、弃方整型及压实、机械设备台班、柴油、晒水降尘等与土石方开挖的工作已含在综合单价中，不另行计量。\n"]
[10,"机械挖石方\n","m3",{"v":224.4,"d":"224.40"},38.23,{"v":8578.812,"d":"8579"},"沟槽开挖、新旧路衔接等特殊路基台阶设置；挖、装、二次转运、路面清洗；填料分理、弃土石方整型、压实；.施工排水处理；路床清理、交工验收等所有与挖土石方有关的工作内容，包文明施工费、利润、管理费、风险费等所有与完成此工程有关的工作内容。","依据图纸所示地面线、路基设计横断面图、图纸所示路基土石比例（实际如有不符，不予调整）并经现场实际验收合格，采用平均断面面积法计算，按照天然密实体积按双方核定的设计（含变更设计）内的数量以立方米为单位计量；沟槽开挖、台阶开挖、装车、二次转运、路面清洗、填料分理、覆盖、弃方整型及压实、机械设备台班、柴油、晒水降尘等与土石方开挖的工作已含在综合单价中，不另行计量。\n"]
["分页小计：",{"$nulls":4},{"v":41880.7946,"d":"41881"}]
["上饶市中心城区排水防涝提升工程设计采购施工总承包(EPC）水南片区水南农贸市场雨污分流改造工程"]
["细目号","细目名称","单位","暂定工程量","控制单价（元）","控制合价（元）","主要工作内容","计量规则"]
[11,"土石方运输  （15km包干）","m3",881.57,29.57,{"v":26068.0249,"d":"26068"},"土方、石方运输至弃土场或用于施工便道便涵填筑及维护、施工便道及本工区社会车辆通行路段及施工点洒水抑尘；施工点运至弃土场沿线道路的清扫、清洗、抑尘；河道等水系污染的清理、水土保持、各种污染物、噪声、有害气体等的处理；弃土场整平及临时排水、弃土场污染处理、弃土整型、压实、进出车辆冲洗（含社会车辆）等所有与之有关的工作内容，包文明施工费、利润、管理费、风险费等所有与完成此工程有关的工作内容。","依据图纸所示地面线、路基设计横断面图、图纸所示路基土石比例（实际如有不符，不予调整）并经现场实际验收合格，采用平均断面面积法计算，乘以长度及堆积密度（堆积密度取1.5，不予调整）核定，按双方核定的实际发生的数量以立方米为单位计量；便道便涵填筑及维护、二次搬运、材料上车、施工便道及本工区社会车辆通行路段及施工点洒水抑尘、进出车辆冲洗（含社会车辆）等费用已含在综合单价中，不另行计量；安全防护及交通维护措施、安全人员等所需费用已含在综合单价中，不另行计量；如弃土点需乙方整平，增加1.0元/m3的弃土整平及临时排水、污染处理等费用。本单价为运输15km费用（包含车队管理费、车队运输协调费、利润），运输至弃土点运距15km（包干），如超出运距由乙方自行承担。"]
[12,"回填土","m3",461.89,{"v":30.157575,"d":"30.16"},{"v":13929.48231675,"d":"13929"},"    基底翻松、压实、挖台阶；.临时排水、 翻晒；机械整平、分层摊铺；洒水、压实（含小型机具夯实）、路面清洗、补强、二次搬运等所有与回填方有关的工作内容。包文明施工费、利润、管理费、风险费等所有与完成此工程有关的工作内容。","本项是在本劳务分包工程量清单各细目综合单价中已包含人工回填夯实的基础上综合考虑再增设的费用。依据图纸所示位置，经现场实际验收合格按断面面积计算以立方米为单位计量；所有人工、材料、机械设备（含小型夯实机具）、进出车辆冲洗、安全防护设施、垃圾清运、二次搬运等均由乙方提供及实施，费用已含在综合单价中，不另计量。本项目借土运距15Km（包干），如超出运距由乙方自行承担。"]
[13,"回填砂","m3",{"v":252.6,"d":"252.60"},{"v":22.47035,"d":"22.47"},{"v":5676.01041,"d":"5676"},"    基底翻松、压实；.临时排水、 翻晒；机械整平、分层摊铺；洒水、压实（含小型机具夯实）、路面清洗、补强等所有与回填方有关的工作内容。，包文明施工费、利润、管理费、风险费等所有与完成此工程有关的工作内容。","本项是在本劳务分包工程量清单各细目综合单价中已包含人工回填夯实的基础上综合考虑再增设的费用。依据图纸所示位置，经现场实际验收合格按断面面积计算以立方米为单位计量；除甲方提供的砂、碎石材料外，剩余所有人工、材料、机械设备（含小型夯实机具）、进出车辆冲洗、安全防护设施、垃圾清运、二次搬运等均由乙方提供及实施，费用已含在综合单价中，不另计量。本项目耗损率5%，超过耗损率由乙方承担费用。如乙方实施后造成地面下沉下陷等质量缺陷，所造成的一切经济损失由乙方负责承担。"]
[14,"道路基层恢复","m3",80.14,{"v":59.13250000000001,"d":"59.13"},{"v":4738.87855,"d":"4739"},"检查和清理下承层、洒水湿润；模板制作、架设、安装、修理、拆除；混凝土浇筑、振捣、钢板（不小于1cm）、抹平、压（刻）纹， 养护；切缝、 灌缝等所有相关的工作内容。，包文明施工费、利润、管理费、风险费等所有与完成此工程有关的工作内容。","依据图纸所示位置及断面尺寸，并经现场实际验收合格按双方核定的设计（含变更设计）内的数量以立方米为单位计量；除混凝土由甲方提供外，所有人工、设备、（含吊车、挖机、溜槽、串筒、发电机及施工用电设施等）等相关内容均由乙方提供及实施，费用已含在综合单价中，不另行计量。"]
[15,"恢复AC-13 CSBS改性细粒式沥青混凝土","m3",21.37,{"v":1043.1,"d":"1043.10"},{"v":22291.047,"d":"22291"},"检查和清理下承层；铺设粘层；沥青混凝土摊铺、压实， 养护；初期养护等有关的工作内容。","依据图纸所示位置及断面尺寸，并经现场实际验收合格按双方核定的设计（含变更设计）内的数量以立方米为单位计量；所有人工、材料、设备（含吊车、摊铺机、压路机、撒布机、洒水车、挖机、压路机、发电机及施工用电设施、台车等）、安全防护等均由乙方提供及实施，所有材料均由乙方提供，费用已含在综合单价中，不另行计量。"]
[16,"恢复AC-20C中粒式沥青混凝土","m3",32.07,917.28,{"v":29417.1696,"d":"29417"},"检查和清理下承层；铺设粘层；沥青混凝土摊铺、压实， 养护；初期养护等有关的工作内容。","依据图纸所示位置及断面尺寸，并经现场实际验收合格按双方核定的设计（含变更设计）内的数量以立方米为单位计量；所有人工、材料、设备（含吊车、摊铺机、压路机、撒布机、洒水车、挖机、压路机、发电机及施工用电设施、台车等）、安全防护等均由乙方提供及实施，所有材料均由乙方提供，费用已含在综合单价中，不另行计量。"]
[17,"人行道铺设","m2",{"v":100,"d":"100.00"},{"v":35.7,"d":"35.70"},{"v":3570.0000000000005,"d":"3570"},"场地平整；台阶整形；素砼浇筑；砂浆制备、铺筑、调平；火烧板搬运、铺贴；场地清理等所有与人行道块料铺设有关的工作内容。"," 依据图纸所示位置及断面尺寸，并经现场实际验收合格按双方核定的设计（含变更设计）内的数量以平方米为单位计量；除火烧板由甲方提供，其余所有人工、材料（含砂浆）、设备、安全防护设施等均由乙方提供及实施，费用已含在综合单价中，不另行计量。"]
[]
["分页小计：",{"$nulls":4},{"v":105690.61277675,"d":"105691"}]
["总计：",{"$nulls":4},{"v":230410.08737675,"d":"230410"}]

{"sheet":"滩头新村","index":5,"n_rows":56,"n_cols":8,"rows_kept":56,"merged":[[0,0,0,7],[2,0,2,7],[7,0,7,4],[8,0,8,7],[10,0,10,7],[11,6,13,6],[11,7,13,7],[17,0,17,4],[18,0,18,7],[20,0,20,7],[21,6,26,6],[21,7,26,7],[28,6,29,6],[28,7,29,7],[30,0,30,4],[31,0,31,7],[33,0,33,7],[44,0,44,4],[45,0,45,7],[54,0,54,2],[55,0,55,2]],"flags":["formulas_cached_only"]}
["上饶市中心城区排水防涝提升工程设计采购施工总承包(EPC）水南片区滩头新村雨污分流改造工程"]
["细目号","细目名称","单位","暂定工程量","控制单价（元）","控制合价（元）","主要工作内容","计量规则"]
["1、总则"]
[1,"安全生产及行车干扰费","月",1,{"v":4902.103143225,"d":"4902.10"},4902," 采购现场作业人员的井上、井下个人防护设施、通信设施、安全锥、维护甲方提供安全设备设施、施工路段交通指挥、铺设甲方提供的钢板、疏导（乙方（乙方每个施工点（每天24小时）必须配备至少2名以上安全员及交通维护员以及一辆安全巡查专用车）等与安全有关的工作内容。包文明施工费、利润、管理费、风险费等所有与完成此工程有关的工作内容。","本项是在本劳务分包工程量清单各细目综合单价中已包含安全经费的基础上综合考虑再增设的费用。本细目按计量进度支付，各项安全警示标志、导向牌等安全设施到位满足开工条件后计量支付0.2；其后每次计量支付0.1用于安全设施维修、补缺及安全人员等费用，累计计量支付至0.8，乙方全部完工退场后计量至1.0。如乙方不配合，不服从业主、监理或甲方管理人员指挥，甲方将另外组织人员实施，费用甲方直接从乙方的安全生产费中扣除，不足部分则从乙方计量款中扣除。除施工区间公里桩、围挡、公告牌、限高架，施工点导向警示牌、LED灯、爆闪灯、标志标牌、水马由甲方提供外，其余所有人工、材料、设备、作业人员防护设施、安全锥及维护甲方提供的安全设备设施等均由乙方提供及实施，费用已含在综合单价中，不另行计量。乙方应对甲方提供的安全设施进行维护、维修、摆放，如损耗过大超过10％，则超过的10％的部份由乙方承担费用，甲方将从乙方的计量款中扣除。"]
[2,"施工环保费","项",1,{"v":9804.20628645,"d":"9804.21"},9804,"主线、施工便道等本工区范围内的洒水降尘、每日工后清扫、人工探沟、因施工导致河道等水系污染的清理、水土保持、各种污染物、噪声、管道通风、气体检测、有害气体等的处理等与环境保护、文明施工相关的所有工作内容。包文明施工费、利润、管理费、风险费等所有与完成此工程有关的工作内容。","本项是在本劳务分包工程量清单各细目综合单价中已包含施工环保费用的基础上综合考虑再增设的费用。本细目按计量进度支付，每次计量支付0.1，累计计量支付至0.8，乙方全部完工并撤场后计量支付至1.0。乙方必须满足本工区施工作业点、线内施工便道及线外施工便道的洒水降尘，每日工后清扫、水土保持、管道通风，气体检测、各种污染物、噪声、有害气体等的处理，符合国家对环境保护的要求，保障沿线居民的正常生活，满足施工需要。如乙方不配合，不服从业主、监理或甲方管理人员指挥，甲方将另外组织人员实施，费用甲方直接从乙方的施工环保费中扣除，不足部分则从乙方计量款中扣除。"]
[3,"喷淋系统","m",300,14.55,4365,"围挡上安装喷淋系统，包括喷头、水管、水箱、发电机、柴油、维护、拆装、电费等所有与喷淋系统相关工作。包文明施工费、利润、管理费、风险费等所有与完成此工程有关的工作内容。","以实际发生工程量按米计取。费用已含在综合单价中,不另行计量。"]
[4,"暂列金","项",1,20000,20000,"主要实施现场挡墙修复、路灯电杆加固、现有管道加固、检查井开洞及修复、现浇混凝土井、部分绿化修复、现状管道及检查井清理、树木移植等临时增加的项目，以现场变更计工单计取，小工200大工300。包文明施工费、利润、管理费、风险费等所有与完成此工程有关的工作内容。","以现场实际变更工程量折算人工费、材料费、设备费计取或安照现场管理人员签批的点工单经审核后计取。"]
["分页小计：",{"$nulls":4},39071]
["上饶市中心城区排水防涝提升工程设计采购施工总承包(EPC）水南片区滩头新村雨污分流改造工程"]
["细目号","细目名称","单位","暂定工程量","控制单价（元）","控制合价（元）","主要工作内容","计量规则"]
["2、雨水部分"]
[3,"新建雨水接户管（UPVC管DE25-100）","m",83,2.37,{"v":196.71,"d":"197"},"包括但不限于场地清理、临时排水（含人工和水泵）、管沟开挖后人工扒平、垫层浇筑、雨污水波纹管搬运及安装、管道砂砾回填人工扒平、放线、配合管道检测等所需人工费,与该项作业有关的所有辅材费，与该项作业有关的所有机具、机械、小五金、设备费；材料卸车费、二次搬运费、作业点间二次转运费；成品保护费；交竣工验收前非乙方原因造成的管道损坏需更换的，按照更换的数量及清包工单价计价，反之由于乙方原因导致管道闭水试验不合格、验收不合格、乙方原因造成的管道损坏需整改的，乙方无条件整改，所产生的人工费、材料费、机械费均由乙方承担；闭水试验；交竣工验收前必须保证管道通畅，如有杂土、淤泥、杂物、堵塞等必须无条件清理保证通畅；作业人安全施工技术交底；作业过程必须做好临电及机具使用防护措施；进度、质量、安全、工艺严格按照图纸及甲方项目部要求执行；包文明施工费、利润、管理费、风险费等所有与完成此工程有关的工作内容。","依据图纸所示位置及断面尺寸,并经现场实际验收合格按双方核定的设计(含设计变更)内的数量以米为单位计量:除管材、混凝土、回填材料（砂、石）由甲方提供外,其余与该项作业有关的所有辅材,与该项作业有关的所有人工、机具、机械、设备等均由乙方提供及实施,费用含在综合单价中,不另行计量。"]
[2,"雨水管（HDPE双壁波纹管DN300）","m",195,5.18,{"v":1010.0999999999999,"d":"1010"}]
[4,"雨水管（HDPE双壁波纹管D500）","m",20,10.17,{"v":203.4,"d":"203"}]
[9,"雨水检查井（砼预制井φ1000）","座",6,484.89,{"v":2909.34,"d":"2909"},"包括但不限于场地清理、临时排水（含人工和水泵）、井坑开挖后人工扒平、成品井保护、混凝土预制井及混凝土井盖机械吊装及人工安装、管道与井连接安装（含连接处接头砂浆封堵）、圆形上部收口井筒安装、防坠网安装、铸铁井座井盖安装、交竣工验收前涉及井的二次清掏、路面施工过程涉及的多次升井与井盖拆除与安装等所需人工费，材料费（除预制井、混凝土井盖、调节井筒、铸铁井盖由甲方提供外，其他所有辅材（如砂、水泥）均由乙方提供），提供所有与完成该项作业有关的机具、设备、机械；交竣工验收前如有井损坏的及时修复；材料卸车费、二次搬运费、作业点间二次转运费；成品保护；作业人员安全施工技术交底；特殊工种持证上岗；作业全过程做好临电及机具使用防护措施；进度、质量、安全、工艺严格按照图纸及甲方项目部要求执行。；包文明施工费、利润、管理费、风险费等所有与完成此工程有关的工作内容。","依据图纸所示位置及断面尺寸,并经现场实际验收合格按双方核定的设计(含变更设计)内的数量以座为单位计量，材料费（除预制井、混凝土井盖、调节井筒、铸铁井盖、混凝土由甲方提供外，其他所有辅材（如砂、水泥）均由乙方提供），所有与完成该项作业有关的人工、机具、设备、机械等均由乙方提供及实施,费用已含在综合单价中,不另行计量。"]
[9,"雨水检查井（砖砌φ1000）","座",4,1571.67,{"v":6286.68,"d":"6287"},"包括但不限于场地清理、临时排水（含人工和水泵）、井坑开挖后人工扒平、成品井保护、混凝土预制井及混凝土井盖机械吊装及人工安装、管道与井连接安装（含连接处接头砂浆封堵）、圆形上部收口井筒安装、防坠网安装、铸铁井座井盖安装、交竣工验收前涉及井的二次清掏、路面施工过程涉及的多次升井与井盖拆除与安装等所需人工费，材料费（除预制井、混凝土盖板、调节井筒、铸铁井盖由甲方提供外，其他所有辅材（如砂、水泥）均由乙方提供），提供所有与完成该项作业有关的机具、设备、机械；交竣工验收前如有井损坏的及时修复；材料卸车费、二次搬运费、作业点间二次转运费；成品保护；作业人员安全施工技术交底；特殊工种持证上岗；作业全过程做好临电及机具使用防护措施；进度、质量、安全、工艺严格按照图纸及甲方项目部要求执行。；包文明施工费、利润、管理费、风险费等所有与完成此工程有关的工作内容。","依据图纸所示位置及断面尺寸,并经现场实际验收合格按双方核定的设计(含变更设计)内的数量以座为单位计量，材料费（混凝土盖板、铸铁井盖、混凝土）由甲方提供外，其他所有辅材（如砂、水泥、砖）均由乙方提供），所有与完成该项作业有关的人工、机具、设备、机械等均由乙方提供及实施,费用已含在综合单价中,不另行计量。"]
[6,"单算平篦式雨水口（砖砌）","座",28,472.04,{"v":13217.12,"d":"13217"},"含场地清理；临时排水；提供标准砖块、M7.5砂浆（河砂、水泥P·042.5）；按照设计图纸及规范要求砌筑及粉刷井；安装雨箅；养护、成品保护；安全防护措施；利润、管理费、风险费等所有与雨水进水井砖砌和粉刷有关的工作内容。","依据图纸所示位置及断面尺寸，并经现场实际验收合格按双方核定的设计（含变更设计）内的数量以座为单位计量；除雨箅由甲方提供外，所有材料（含标准砖块、M7.5砂浆）、设备（含砂浆搅拌机、灰桶、小五金等）、安全防护措施等均由乙方提供及实施，费用已含在综合单价中，不另行计量。"]
["分页小计：",{"$nulls":4},{"v":23823.35,"d":"23823"}]
["上饶市中心城区排水防涝提升工程设计采购施工总承包(EPC）水南片区滩头新村雨污分流改造工程"]
["细目号","细目名称","单位","暂定工程量","控制单价（元）","控制合价（元）","主要工作内容","计量规则"]
["3、污水部分"]
[1,"聚氯乙烯树脂涂料钢管DN200","m",4,2.59,{"v":10.36,"d":"10"}," 包括但不限于场地清理、临时排水（含人工和水泵）、管沟开挖后人工扒平、垫层浇筑、雨污水波纹管搬运及安装、管道砂砾回填人工扒平、放线、配合管道检测等所需人工费,与该项作业有关的所有辅材费，与该项作业有关的所有机具、机械、小五金、设备费；材料卸车费、二次搬运费、作业点间二次转运费；成品保护费；交竣工验收前非乙方原因造成的管道损坏需更换的，按照更换的数量及清包工单价计价，反之由于乙方原因导致管道闭水试验不合格、验收不合格、乙方原因造成的管道损坏需整改的，乙方无条件整改，所产生的人工费、材料费、机械费均由乙方承担；闭水试验；交竣工验收前必须保证管道通畅，如有杂土、淤泥、杂物、堵塞等必须无条件清理保证通畅；作业人安全施工技术交底；作业过程必须做好临电及机具使用防护措施；进度、质量、安全、工艺严格按照图纸及甲方项目部要求执行；包文明施工费、利润、管理费、风险费等所有与完成此工程有关的工作内容。","依据图纸所示位置及断面尺寸,并经现场实际验收合格按双方核定的设计(含设计变更)内的数量以米为单位计量:除管材、混凝土、回填材料（砂、石）由甲方提供外,其余与该项作业有关的所有辅材,与该项作业有关的所有人工、机具、机械、设备等均由乙方提供及实施,费用含在综合单价中,不另行计量。"]
[2,"聚乙烯塑钢中空缠绕管DN200","m",34,2.59,{"v":88.06,"d":"88"}]
[3,"聚乙烯塑钢中空缠绕管DN300","m",64,5.18,{"v":331.52,"d":"332"}]
[4,"聚乙烯塑钢中空缠绕管DN500","m",163,10.17,{"v":1657.71,"d":"1658"}]
[5,"污水管（双壁波纹管D300）","m",2,5.18,{"v":10.36,"d":"10"}]
[6,"新建污水接户管（UPVC管DE25-100）","m",30,2.37,{"v":71.10000000000001,"d":"71"}]
[7,"污水检查井（砖砌φ1000）","座",15,1571.67,{"v":23575.050000000003,"d":"23575"},"包括但不限于场地清理、临时排水（含人工和水泵）、井坑开挖后人工扒平、成品井保护、混凝土预制井及混凝土井盖机械吊装及人工安装、管道与井连接安装（含连接处接头砂浆封堵）、圆形上部收口井筒安装、防坠网安装、铸铁井座井盖安装、交竣工验收前涉及井的二次清掏、路面施工过程涉及的多次升井与井盖拆除与安装等所需人工费，材料费（除预制井、混凝土盖板、调节井筒、铸铁井盖由甲方提供外，其他所有辅材（如砂、水泥）均由乙方提供），提供所有与完成该项作业有关的机具、设备、机械；交竣工验收前如有井损坏的及时修复；材料卸车费、二次搬运费、作业点间二次转运费；成品保护；作业人员安全施工技术交底；特殊工种持证上岗；作业全过程做好临电及机具使用防护措施；进度、质量、安全、工艺严格按照图纸及甲方项目部要求执行。；包文明施工费、利润、管理费、风险费等所有与完成此工程有关的工作内容。","依据图纸所示位置及断面尺寸,并经现场实际验收合格按双方核定的设计(含变更设计)内的数量以座为单位计量，材料费（混凝土盖板、铸铁井盖、混凝土）由甲方提供外，其他所有辅材（如砂、水泥、砖）均由乙方提供），所有与完成该项作业有关的人工、机具、设备、机械等均由乙方提供及实施,费用已含在综合单价中,不另行计量。"]
[8,"污水检查井（砼预制井φ1000）","座",1,484.89,{"v":484.89,"d":"485"},"包括但不限于场地清理、临时排水（含人工和水泵）、井坑开挖后人工扒平、成品井保护、混凝土预制井及混凝土井盖机械吊装及人工安装、管道与井连接安装（含连接处接头砂浆封堵）、圆形上部收口井筒安装、防坠网安装、铸铁井座井盖安装、交竣工验收前涉及井的二次清掏、路面施工过程涉及的多次升井与井盖拆除与安装等所需人工费，材料费（除预制井、混凝土井盖、调节井筒、铸铁井盖由甲方提供外，其他所有辅材（如砂、水泥）均由乙方提供），提供所有与完成该项作业有关的机具、设备、机械；交竣工验收前如有井损坏的及时修复；材料卸车费、二次搬运费、作业点间二次转运费；成品保护；作业人员安全施工技术交底；特殊工种持证上岗；作业全过程做好临电及机具使用防护措施；进度、质量、安全、工艺严格按照图纸及甲方项目部要求执行。；包文明施工费、利润、管理费、风险费等所有与完成此工程有关的工作内容。","依据图纸所示位置及断面尺寸,并经现场实际验收合格按双方核定的设计(含变更设计)内的数量以座为单位计量，材料费（除预制井、混凝土井盖、调节井筒、铸铁井盖由甲方提供外，其他所有辅材（如砂、水泥）均由乙方提供），所有与完成该项作业有关的人工、机具、设备、机械等均由乙方提供及实施,费用已含在综合单价中,不另行计量。"]
[9,"污水检查井（砼预制井500×500）","座",2,386.73,{"v":773.46,"d":"773"}]
["分页小计：",{"$nulls":4},{"v":27002.510000000002,"d":"27003"}]
["上饶市中心城区排水防涝提升工程设计采购施工总承包(EPC）水南片区滩头新村雨污分流改造工程"]
["细目号","细目名称","单位","暂定工程量","控制单价（元）","控制合价（元）","主要工作内容","计量规则"]
["4、其他工程量"]
[1,"管道接驳","处",2,500,1000,"现状管道接驳等所有与其有关的工作内容，包文明施工费、利润、管理费、风险费等所有与完成此工程有关的工作内容。","   依据图纸所示位置及断面尺寸，并经现场实际验收合格按双方核定的设计（含变更设计）内的数量作为结算依据；所有人工、材料、设备（含施工用电、发电机、小型机具设备设施等）、安全防护等均由乙方提供及实施，费用已含在综合单价中，不另行计量。"]
[2,"管道封堵","处",4,200,800,"场地清理；围堰、排水，基坑支护；防水措施等所有与其有关的工作内容，包文明施工费、利润、管理费、风险费等所有与完成此工程有关的工作内容。","    依据图纸所示位置及断面尺寸，并经现场实际验收合格按双方核定的设计（含变更设计）内的数量作为结算依据；除管道、商品混凝土等主要材料由甲方采购外，其余所有人工、材料、设备（含吊车、挖机、发电机及施工用电设施等）、安全防护等均由乙方提供及实施，费用已含在综合单价中，不另行计量。"]
[3,"绿化恢复（铺设草皮）","m2",50,16.56,{"v":827.9999999999999,"d":"828"},"场地清理、回填种植土、整理绿化用地，草皮采购、运输、卸车，草皮铺设；浇水、施肥、除虫、补种、养护；场地清理，废弃物装卸运输等。","依据图纸所示位置及断面尺寸，并经现场实际验收合格按双方核定的设计（含变更设计）内的数量以平方米为单位计量；所有人工、材料、设备、安全防护等均由乙方提供及实施，费用已含在综合单价中，不另行计量。"]
[4,"路缘石拆除及恢复（新建）","米",100,72.7,7270,"安砌侧(平、缘）石（新建）等所有与其有关的工作内容","   依据图纸所示位置及断面尺寸，并经现场实际验收合格按双方核定的设计（含变更设计）内的数量作为结算依据；所有材料、设备（含施工用电、发电机、小型机具设备设施等）、安全防护等均由乙方提供及实施，费用已含在综合单价中，不另行计量。"]
[5,"路缘石拆除及恢复（利用原材料）","米",100,13.58,1358,"安砌侧(平、缘）石（利用原材料）等所有与其有关的工作内容","   依据图纸所示位置及断面尺寸，并经现场实际验收合格按双方核定的设计（含变更设计）内的数量作为结算依据；所有材料、设备（含施工用电、发电机、小型机具设备设施等）、安全防护等均由乙方提供及实施，费用已含在综合单价中，不另行计量。"]
[6,"气囊封堵及拆除","处",7,257.21,{"v":1800.4699999999998,"d":"1800"},"气囊封堵及拆除等所有与其有关的工作内容，包文明施工费、利润、管理费、风险费等所有与完成此工程有关的工作内容。","   依据图纸所示位置及断面尺寸，并经现场实际验收合格按双方核定的设计（含变更设计）内的数量作为结算依据；所有人工、材料、设备（含施工用电、发电机、小型机具设备设施等）、安全防护等均由乙方提供及实施，费用已含在综合单价中，不另行计量。"]
[7,"破除路面","m3",125.11,38.54,{"v":4821.7393999999995,"d":"4822"},"    路面机械挖除、清理工作面（含解小、沥青水稳垫层至符合填筑要求）；挖、装、场内运输；填料分理、弃土整型、压实；.施工排水处理；路床顶面凿平、顶面凿毛或石渣填平压实、路床清理等所有与破除路面有关的工作内容，包文明施工费、利润、管理费、风险费等所有与完成此工程有关的工作内容。","        依据图纸所示，经现场实际验收为准，采用平均断面面积法计算，按照天然密实体积按双方核定的设计（含变更设计）内的数量以立方米为单位计量； 路面破碎、挖除、台阶开挖、排水、路面清洗等相关的人工、材料、设备等费用已含在综合单价中，不另行计量；本工程挖除路面涵盖水稳层、沥青路面层、碎石垫层\n"]
[8,"机械挖土方\n","m3",{"v":294.25199999999995,"d":"294.25"},4.74,{"v":1394.7544799999998,"d":"1395"},"沟槽开挖、新旧路衔接等特殊路基台阶设置；挖、装、二次转运、路面清洗；填料分理、弃土石方整型、压实；.施工排水处理；路床清理、交工验收等所有与挖土石方有关的工作内容。包文明施工费、利润、管理费、风险费等所有与完成此工程有关的工作内容。","依据图纸所示地面线、路基设计横断面图、图纸所示路基土石比例（实际如有不符，不予调整）并经现场实际验收合格，采用平均断面面积法计算，按照天然密实体积按双方核定的设计（含变更设计）内的数量以立方米为单位计量；沟槽开挖、台阶开挖、装车、二次转运、路面清洗、填料分理、覆盖、弃方整型及压实、机械设备台班、柴油、晒水降尘等与土石方开挖的工作已含在综合单价中，不另行计量。不含路面破除深度，本工程挖土石方平均深1.5m，土石比（土方占比70%，石方占比30%）\n"]
[9,"人工挖土方","m3",{"v":196.168,"d":"196.17"},47.31,{"v":9280.70808,"d":"9281"},"沟槽开挖、新旧路衔接等特殊路基台阶设置；挖、装、二次转运、路面清洗；填料分理、弃土石方整型、压实；.施工排水处理；路床清理、交工验收等所有与挖土石方有关的工作内容，包文明施工费、利润、管理费、风险费等所有与完成此工程有关的工作内容。","依据图纸所示地面线、路基设计横断面图、图纸所示路基土石比例（实际如有不符，不予调整）并经现场实际验收合格，采用平均断面面积法计算，按照天然密实体积按双方核定的设计（含变更设计）内的数量以立方米为单位计量；沟槽开挖、台阶开挖、装车、二次转运、路面清洗、填料分理、覆盖、弃方整型及压实、机械设备台班、柴油、晒水降尘等与土石方开挖的工作已含在综合单价中，不另行计量。\n"]
[10,"机械挖石方\n","m3",210.18,38.23,{"v":8035.1813999999995,"d":"8035"},"沟槽开挖、新旧路衔接等特殊路基台阶设置；挖、装、二次转运、路面清洗；填料分理、弃土石方整型、压实；.施工排水处理；路床清理、交工验收等所有与挖土石方有关的工作内容，包文明施工费、利润、管理费、风险费等所有与完成此工程有关的工作内容。","依据图纸所示地面线、路基设计横断面图、图纸所示路基土石比例（实际如有不符，不予调整）并经现场实际验收合格，采用平均断面面积法计算，按照天然密实体积按双方核定的设计（含变更设计）内的数量以立方米为单位计量；沟槽开挖、台阶开挖、装车、二次转运、路面清洗、填料分理、覆盖、弃方整型及压实、机械设备台班、柴油、晒水降尘等与土石方开挖的工作已含在综合单价中，不另行计量。\n"]
["分页小计：",{"$nulls":4},{"v":36588.85336,"d":"36589"}]
["上饶市中心城区排水防涝提升工程设计采购施工总承包(EPC）水南片区滩头新村雨污分流改造工程"]
["细目号","细目名称","单位","暂定工程量","控制单价（元）","控制合价（元）","主要工作内容","计量规则"]
[8,"土石方运输  （15km包干）","m3",825.71,29.57,{"v":24416.244700000003,"d":"24416"},"土方、石方运输至弃土场或用于施工便道便涵填筑及维护、施工便道及本工区社会车辆通行路段及施工点洒水抑尘；施工点运至弃土场沿线道路的清扫、清洗、抑尘；河道等水系污染的清理、水土保持、各种污染物、噪声、有害气体等的处理；弃土场整平及临时排水、弃土场污染处理、弃土整型、压实、进出车辆冲洗（含社会车辆）等所有与之有关的工作内容，包文明施工费、利润、管理费、风险费等所有与完成此工程有关的工作内容。","依据图纸所示地面线、路基设计横断面图、图纸所示路基土石比例（实际如有不符，不予调整）并经现场实际验收合格，采用平均断面面积法计算，乘以长度及堆积密度（堆积密度取1.5，不予调整）核定，按双方核定的实际发生的数量以立方米为单位计量；便道便涵填筑及维护、二次搬运、材料上车、施工便道及本工区社会车辆通行路段及施工点洒水抑尘、进出车辆冲洗（含社会车辆）等费用已含在综合单价中，不另行计量；安全防护及交通维护措施、安全人员等所需费用已含在综合单价中，不另行计量；如弃土点需乙方整平，增加1.0元/m3的弃土整平及临时排水、污染处理等费用。本单价为运输15km费用（包含车队管理费、车队运输协调费、利润），运输至弃土点运距15km（包干），如超出运距由乙方自行承担。"]
[9,"回填土","m3",370.16,{"v":30.157575,"d":"30.16"},{"v":11163.127962,"d":"11163"},"    基底翻松、压实、挖台阶；.临时排水、 翻晒；机械整平、分层摊铺；洒水、压实（含小型机具夯实）、路面清洗、补强、二次搬运等所有与回填方有关的工作内容。包文明施工费、利润、管理费、风险费等所有与完成此工程有关的工作内容。","本项是在本劳务分包工程量清单各细目综合单价中已包含人工回填夯实的基础上综合考虑再增设的费用。依据图纸所示位置，经现场实际验收合格按断面面积计算以立方米为单位计量；所有人工、材料、机械设备（含小型夯实机具）、进出车辆冲洗、安全防护设施、垃圾清运、二次搬运等均由乙方提供及实施，费用已含在综合单价中，不另计量。本项目借土运距15Km（包干），如超出运距由乙方自行承担。"]
[10,"回填砂","m3",268.15,{"v":22.47035,"d":"22.47"},{"v":6025.424352499999,"d":"6025"},"    基底翻松、压实；.临时排水、 翻晒；机械整平、分层摊铺；洒水、压实（含小型机具夯实）、路面清洗、补强等所有与回填方有关的工作内容。，包文明施工费、利润、管理费、风险费等所有与完成此工程有关的工作内容。","本项是在本劳务分包工程量清单各细目综合单价中已包含人工回填夯实的基础上综合考虑再增设的费用。依据图纸所示位置，经现场实际验收合格按断面面积计算以立方米为单位计量；除甲方提供的砂、碎石材料外，剩余所有人工、材料、机械设备（含小型夯实机具）、进出车辆冲洗、安全防护设施、垃圾清运、二次搬运等均由乙方提供及实施，费用已含在综合单价中，不另计量。本项目耗损率5%，超过耗损率由乙方承担费用。如乙方实施后造成地面下沉下陷等质量缺陷，所造成的一切经济损失由乙方负责承担。"]
[11,"道路基层恢复","m3",75.06,{"v":59.13250000000001,"d":"59.13"},{"v":4438.485450000001,"d":"4438"},"检查和清理下承层、洒水湿润；模板制作、架设、安装、修理、拆除；混凝土浇筑、振捣、钢板（不小于1cm）、抹平、压（刻）纹， 养护；切缝、 灌缝等所有相关的工作内容。，包文明施工费、利润、管理费、风险费等所有与完成此工程有关的工作内容。","依据图纸所示位置及断面尺寸，并经现场实际验收合格按双方核定的设计（含变更设计）内的数量以立方米为单位计量；除混凝土由甲方提供外，所有人工、设备、（含吊车、挖机、溜槽、串筒、发电机及施工用电设施等）等相关内容均由乙方提供及实施，费用已含在综合单价中，不另行计量。"]
[12,"恢复AC-13 CSBS改性细粒式沥青混凝土","m3",20.02,{"v":1043.1,"d":"1043.10"},{"v":20882.861999999997,"d":"20883"},"检查和清理下承层；铺设粘层；沥青混凝土摊铺、压实， 养护；初期养护等有关的工作内容。","依据图纸所示位置及断面尺寸，并经现场实际验收合格按双方核定的设计（含变更设计）内的数量以立方米为单位计量；所有人工、材料、设备（含吊车、摊铺机、压路机、撒布机、洒水车、挖机、压路机、发电机及施工用电设施、台车等）、安全防护等均由乙方提供及实施，所有材料均由乙方提供，费用已含在综合单价中，不另行计量。"]
[13,"恢复AC-20C中粒式沥青混凝土","m3",30.03,917.28,{"v":27545.9184,"d":"27546"},"检查和清理下承层；铺设粘层；沥青混凝土摊铺、压实， 养护；初期养护等有关的工作内容。","依据图纸所示位置及断面尺寸，并经现场实际验收合格按双方核定的设计（含变更设计）内的数量以立方米为单位计量；所有人工、材料、设备（含吊车、摊铺机、压路机、撒布机、洒水车、挖机、压路机、发电机及施工用电设施、台车等）、安全防护等均由乙方提供及实施，所有材料均由乙方提供，费用已含在综合单价中，不另行计量。"]
[14,"人行道铺设","m2",{"v":100,"d":"100.00"},{"v":35.7,"d":"35.70"},{"v":3570.0000000000005,"d":"3570"},"场地平整；台阶整形；素砼浇筑；砂浆制备、铺筑、调平；火烧板搬运、铺贴；场地清理等所有与人行道块料铺设有关的工作内容。"," 依据图纸所示位置及断面尺寸，并经现场实际验收合格按双方核定的设计（含变更设计）内的数量以平方米为单位计量；除火烧板由甲方提供，其余所有人工、材料（含砂浆）、设备、安全防护设施等均由乙方提供及实施，费用已含在综合单价中，不另行计量。"]
["分页小计：",{"$nulls":4},{"v":98042.0628645,"d":"98042"}]
["总计：",{"$nulls":4},{"v":224527.7762245,"d":"224528"}]